Bundesliga players of the 10s - Statistics

General Stats
  • This quiz has been taken 61 times
  • The average score is 338 of 1669
Answer Stats
Ranking Player Positions Nationality Matches Goals (assists) Periods Clubs % Correct
646 Florian Müller GK 42 0 (0) 2017-2020
100%
703 Heinz Müller GK 35 0 (0) 2010-2014
100%
4 Manuel Neuer GK 283 0 (0) 2010-2020
100%
77 Nicolai Müller MF, FW 185 42 (26) 2011-2019
100%
2 Robert Lewandowski FW 321 236 (46) 2010-2020
100%
1658 Sven Müller GK 1 0 (0) 2016-2017
100%
3 Thomas Müller MF, FW 313 105 (111) 2010-2020
100%
12 David Alaba DF, MF 263 23 (23) 2010-2020
94%
1013 Demba Ba FW 17 6 (1) 2010-2011
94%
6 Mats Hummels DF 275 17 (15) 2010-2020
94%
54 Jérôme Boateng DF 200 4 (13) 2011-2020
90%
399 Kevin-Prince Boateng MF, FW 77 12 (6) 2013-2014, 2017-2018
90%
607 Leroy Sané MF, FW 47 11 (6) 2013-2016
90%
1 Oliver Baumann GK 328 0 (1) 2010-2020
90%
92 Stefan Bell DF 177 10 (7) 2012-2019
90%
747 Victor Sá MF, FW 32 2 (2) 2019-2020
90%
541 Aarón Martín DF 55 0 (3) 2018-2020
87%
89 Arjen Robben MF, FW 177 83 (46) 2010-2019
87%
47 Claudio Pizarro FW 208 64 (30) 2010-2020
87%
53 Franck Ribéry MF, FW 201 62 (73) 2010-2019
87%
161 Javi Martínez DF, MF 145 9 (7) 2012-2020
87%
159 Joshua Kimmich DF, MF 146 13 (33) 2015-2020
87%
56 Julian Brandt MF, FW 198 37 (35) 2013-2020
87%
680 Lamine Sané DF, MF 38 2 (1) 2016-2018
87%
10 Lars Stindl MF, FW 268 55 (33) 2010-2020
87%
61 Philipp Lahm DF, MF 194 8 (24) 2010-2017
87%
162 Salif Sané DF, MF 145 14 (2) 2013-2015, 2017-2020
87%
34 Timo Werner MF, FW 222 91 (36) 2013-2020
87%
57 Yann Sommer GK 198 0 (0) 2014-2020
87%
1084 Christian Groß DF, MF 14 0 (0) 2019-2020
84%
626 Emre Can DF, MF 45 6 (4) 2012-2013, 2019-2020
84%
979 Federico Palacios Martínez MF, FW 19 2 (0) 2016-2017, 2018-2019
84%
267 Kingsley Coman MF, FW 108 19 (17) 2015-2020
84%
105 Leon Goretzka MF 170 28 (18) 2013-2020
84%
15 Łukasz Piszczek DF, MF 253 16 (37) 2010-2020
84%
36 Marcel Schmelzer DF 218 3 (19) 2010-2020
84%
21 Marco Reus MF, FW 246 119 (60) 2010-2020
84%
477 Pascal Groß DF, MF, FW 65 6 (7) 2015-2017
84%
256 Serge Gnabry DF, MF, FW 110 43 (21) 2016-2020
84%
207 Tobias Werner MF 127 24 (18) 2011-2016
84%
1161 Ashton Götz DF, MF 11 0 (0) 2014-2015, 2016-2017
81%
210 Bastian Schweinsteiger DF, MF 125 23 (20) 2010-2015
81%
121 Dante DF 160 6 (2) 2010-2016
81%
150 Jonathan Tah DF 150 4 (5) 2013-2014, 2015-2020
81%
109 Lukáš Hrádecký GK 167 0 (0) 2015-2020
81%
255 Mario Mandžukić MF, FW 110 53 (16) 2010-2014
81%
135 Nuri Şahin MF 154 15 (21) 2010-2011, 2012-2020
81%
251 Rani Khedira DF, MF 111 5 (4) 2013-2014, 2016-2020
81%
94 Sandro Wagner FW 176 44 (12) 2010-2011, 2013-2019
81%
48 Sven Ulreich GK 206 0 (0) 2010-2020
81%
262 Vincenzo Grifo MF, FW 109 17 (23) 2012-2013, 2016-2020
81%
97 André Schürrle MF, FW 174 45 (30) 2010-2012, 2014-2018
77%
80 Christoph Kramer MF 182 10 (4) 2013-2020
77%
376 Felix Kroos DF, MF, FW 80 1 (1) 2010-2015, 2019-2020
77%
194 Holger Badstuber DF, MF 133 2 (2) 2010-2012, 2014-2019
77%
59 Karim Bellarabi DF, MF, FW 195 34 (40) 2011-2020
77%
295 Kerem Demirbay MF 101 13 (25) 2013-2014, 2016-2020
77%
32 Lars Bender DF, MF 222 20 (24) 2010-2020
77%
498 Lukas Podolski MF, FW 61 31 (13) 2010-2012
77%
87 Mario Gómez FW 178 97 (11) 2010-2012, 2016-2019
77%
133 Marwin Hitz GK 155 1 (0) 2010-2011, 2013-2020
77%
26 Matthias Ginter DF, MF 229 13 (9) 2011-2020
77%
35 Maximilian Arnold MF 221 27 (23) 2011-2020
77%
966 Miroslav Klose FW 20 1 (0) 2010-2011
77%
51 Naldo DF 203 27 (7) 2011-2019
77%
166 Pierre-Emerick Aubameyang MF, FW 144 98 (21) 2013-2018
77%
66 Roman Bürki GK 190 0 (0) 2014-2020
77%
8 Sebastian Rudy MF 273 13 (33) 2010-2020
77%
27 Sven Bender DF, MF 228 8 (5) 2010-2020
77%
419 Timm Klose DF 75 4 (1) 2011-2016
77%
252 Toni Kroos MF 111 13 (25) 2010-2014
77%
585 Douglas Costa MF, FW 50 8 (13) 2015-2017
74%
319 Emil Forsberg MF, FW 93 19 (29) 2016-2020
74%
1303 Felix Götze MF 6 1 (0) 2018-2019
74%
640 James Rodríguez MF, FW 43 14 (14) 2017-2019
74%
553 Javier Hernández FW 54 28 (4) 2015-2017
74%
139 Julian Draxler MF, FW 153 23 (21) 2010-2017
74%
229 Kai Havertz MF, FW 118 36 (21) 2016-2020
74%
197 Kevin Kampl MF 131 9 (15) 2014-2020
74%
987 Lucas Hernández DF 19 0 (1) 2019-2020
74%
29 Mario Götze MF, FW 226 57 (50) 2010-2020
74%
100 Niklas Süle DF 173 11 (5) 2012-2020
74%
199 Péter Gulácsi GK 131 0 (1) 2016-2020
74%
85 Rafinha DF 179 5 (15) 2011-2019
74%
1517 Sergio Gómez DF, MF, FW 2 0 (0) 2017-2018
74%
155 Shinji Kagawa MF, FW 148 41 (32) 2010-2011, 2014-2019
74%
151 Thiago Alcántara MF 150 17 (20) 2013-2020
74%
248 Yussuf Poulsen MF, FW 112 29 (15) 2016-2020
74%
245 Arturo Vidal MF 112 24 (19) 2010-2011, 2015-2018
71%
297 Danny da Costa DF, FW 99 4 (14) 2011-2012, 2015-2020
71%
665 Diego Contento DF 40 0 (1) 2010-2014
71%
1562 Domagoj Vida DF, MF 1 0 (0) 2010-2011
71%
1062 Erling Haaland FW 15 13 (2) 2019-2020
71%
667 Francisco Javier Rodríguez DF 40 2 (1) 2011-2013
71%
1019 Gregor Kobel GK 17 0 (0) 2018-2019
71%
191 Ivan Perišić DF, MF, FW 134 31 (15) 2011-2015, 2019-2020
71%
1578 Jamal Musiala MF, FW 1 0 (0) 2019-2020
71%
138 John Brooks DF 153 9 (4) 2013-2020
71%
17 Jonathan Schmid DF, MF 252 33 (31) 2010-2020
71%
1484 José Rodríguez DF, MF 2 0 (0) 2016-2017
71%
134 Kevin Großkreutz DF, FW 154 18 (19) 2010-2016
71%
106 Kevin Trapp GK 169 0 (0) 2010-2014, 2018-2020
71%
19 Kevin Volland MF, FW 247 77 (45) 2012-2020
71%
292 Marcel Halstenberg DF, MF, FW 102 8 (13) 2016-2020
71%
184 Nadiem Amiri MF, FW 136 12 (14) 2014-2020
71%
154 Ricardo Rodríguez DF, MF 149 15 (23) 2011-2017
71%
120 Roman Weidenfeller GK 161 0 (0) 2010-2018
71%
136 Sebastian Rode MF 154 9 (10) 2010-2011, 2012-2016, 2018-2020
71%
189 Son Heung-min MF, FW 135 41 (8) 2010-2016
71%
82 Thorgan Hazard DF, MF, FW 180 38 (43) 2014-2020
71%
325 Willi Orban DF 92 11 (1) 2011-2012, 2016-2020
71%
148 Anthony Modeste FW 150 63 (9) 2013-2016, 2019-2020
68%
309 Benjamin Pavard DF 95 5 (4) 2017-2020
68%
24 Bernd Leno GK 233 0 (0) 2011-2018
68%
335 Christian Pulisic DF, MF, FW 90 13 (16) 2015-2019
68%
814 Christoph Baumgartner MF, FW 28 7 (2) 2018-2020
68%
654 Corentin Tolisso MF 41 8 (6) 2017-2020
68%
364 Dayot Upamecano DF 83 3 (1) 2016-2020
68%
1015 Edin Džeko FW 17 10 (0) 2010-2011
68%
74 Filip Kostić DF, FW 187 27 (35) 2014-2020
68%
264 Granit Xhaka DF, MF 108 6 (3) 2012-2016
68%
201 İlkay Gündoğan MF 130 15 (15) 2010-2016
68%
392 Jadon Sancho MF, FW 78 30 (34) 2017-2020
68%
157 Jonas Hector DF, MF 147 9 (10) 2014-2017, 2019-2020
68%
408 Juan Bernat DF, FW 76 3 (5) 2014-2018
68%
113 Koen Casteels GK 164 0 (0) 2012-2020
68%
379 Konrad Laimer DF, MF 80 3 (9) 2017-2020
68%
363 Lukas Klostermann DF 84 9 (2) 2016-2020
68%
239 Marcel Sabitzer DF, MF, FW 116 24 (19) 2016-2020
68%
18 Max Kruse MF, FW 249 74 (60) 2010-2011, 2012-2019
68%
922 Michael Hector DF, MF 22 1 (0) 2016-2017
68%
925 Patrik Schick MF, FW 22 10 (2) 2019-2020
68%
500 Robbie Kruse MF, FW 61 6 (7) 2012-2016
68%
86 Roman Neustädter DF, MF 179 8 (10) 2010-2016
68%
16 Ron-Robert Zieler GK 253 0 (0) 2010-2015, 2017-2019
68%
39 Stefan Kießling MF, FW 214 81 (26) 2010-2018
68%
387 Xabi Alonso MF 79 5 (7) 2014-2017
68%
60 Aaron Hunt MF, FW 194 34 (23) 2010-2018
65%
612 Alexander Nübel GK 46 0 (0) 2015-2016, 2017-2020
65%
196 Andrej Kramarić MF, FW 132 62 (22) 2015-2020
65%
390 Ante Rebić MF, FW 78 17 (8) 2016-2020
65%
463 Antonio Rüdiger DF 66 2 (1) 2011-2015
65%
954 Berkay Özcan DF, MF, FW 20 1 (2) 2017-2019
65%
111 Eric Maxim Choupo-Moting MF, FW 166 40 (16) 2010-2017
65%
146 Jonas Hofmann MF, FW 151 16 (20) 2012-2020
65%
1583 Jonas Hofmann MF 1 0 (0) 2019-2020
65%
359 Kevin De Bruyne MF, FW 85 23 (35) 2012-2016
65%
717 Lukas Kruse GK 34 0 (0) 2014-2015
65%
20 Makoto Hasebe DF, MF 246 5 (11) 2010-2020
65%
519 Naby Keïta MF, FW 58 14 (11) 2016-2018
65%
539 Pierre Højbjerg MF 56 2 (5) 2012-2016
65%
765 Ramazan Özcan GK 31 0 (0) 2015-2016, 2017-2019
65%
116 René Adler GK 163 0 (1) 2010-2011, 2012-2018
65%
172 Roberto Firmino MF, FW 140 38 (24) 2010-2015
65%
697 Salih Özcan MF 36 0 (2) 2016-2018
65%
316 Sead Kolašinac DF, MF 94 4 (8) 2012-2017
65%
471 Wout Weghorst FW 66 33 (10) 2018-2020
65%
700 Alphonso Davies DF 35 4 (5) 2018-2020
61%
46 Andreas Beck DF, MF 208 4 (13) 2010-2014, 2017-2019
61%
871 André Silva FW 25 12 (3) 2019-2020
61%
830 Antônio da Silva MF 27 1 (2) 2010-2012
61%
1140 Emre Mor MF 12 1 (1) 2016-2017
61%
250 Hakan Çalhanoğlu MF, FW 111 28 (20) 2013-2017
61%
95 Klaas-Jan Huntelaar FW 175 82 (19) 2010-2017
61%
1491 Lars Lukas Mai DF 2 0 (0) 2017-2018
61%
555 Luka Jović MF, FW 54 25 (6) 2017-2019
61%
366 Michael Rensing GK 83 0 (0) 2010-2012, 2018-2019
61%
114 Neven Subotić DF 164 7 (1) 2010-2017, 2019-2020
61%
41 Nils Petersen MF, FW 213 75 (19) 2011-2014, 2016-2020
61%
65 Ralf Fährmann GK 190 0 (0) 2010-2011, 2013-2019
61%
786 Robert Andrich DF, MF 30 1 (2) 2019-2020
61%
206 Thomas Kraft GK 127 0 (0) 2010-2011, 2013-2015, 2017-2020
61%
575 Xherdan Shaqiri MF, FW 52 11 (9) 2012-2015
61%
549 Achraf Hakimi DF, MF 54 7 (14) 2018-2020
58%
1328 Alexander Isak FW 5 0 (0) 2017-2018
58%
623 Andreas Wolf DF 45 3 (0) 2010-2012
58%
337 André Hoffmann DF, MF 89 4 (2) 2012-2013, 2015-2016, 2018-2020
58%
117 Christian Schulz DF, MF 162 10 (2) 2010-2016
58%
888 Ciro Immobile FW 24 3 (1) 2014-2015
58%
5 Daniel Caligiuri DF, MF, FW 282 40 (35) 2010-2020
58%
168 Davie Selke FW 141 27 (10) 2013-2014, 2016-2020
58%
490 Florian Neuhaus MF 62 7 (10) 2018-2020
58%
1275 Florian Wirtz MF, FW 7 1 (0) 2019-2020
58%
1063 Gio Reyna MF, FW 15 0 (1) 2019-2020
58%
1335 Hannes Wolf MF, FW 5 0 (0) 2019-2020
58%
98 Joël Matip DF, MF 174 14 (8) 2010-2016
58%
338 Leon Bailey DF, MF, FW 89 19 (10) 2016-2020
58%
424 Lucas Höler MF, FW 74 13 (2) 2017-2020
58%
268 Marc-André ter Stegen GK 108 0 (0) 2010-2014
58%
354 Marco Caligiuri DF, MF 86 4 (2) 2010-2014
58%
444 Marius Wolf DF, MF, FW 70 7 (11) 2015-2020
58%
192 Martin Hinteregger DF, MF 134 14 (1) 2015-2020
58%
467 Marvin Matip DF, MF 66 2 (1) 2015-2017
58%
401 Maximilian Mittelstädt DF, MF, FW 77 2 (6) 2015-2020
58%
195 Nico Schulz DF, MF, FW 133 5 (10) 2013-2020
58%
686 Paco Alcácer FW 37 23 (1) 2018-2020
58%
43 Raffael MF, FW 211 66 (34) 2011-2020
58%
361 Raphaël Guerreiro DF, MF, FW 85 17 (13) 2016-2020
58%
601 Raphael Wolf GK 48 0 (0) 2013-2015
58%
507 Sébastien Haller FW 60 24 (13) 2017-2019
58%
1447 Sven Neuhaus GK 3 0 (0) 2011-2012
58%
973 Tatsuya Ito MF, FW 20 0 (2) 2017-2018
58%
356 Thomas Delaney MF 86 10 (10) 2016-2020
58%
357 Timo Baumgartl DF 86 1 (0) 2014-2015, 2017-2019
58%
38 Timothy Chandler DF, MF 215 12 (17) 2010-2020
58%
1407 Bastian Schulz MF 3 0 (0) 2010-2011
55%
406 Breel Embolo MF, FW 76 18 (6) 2016-2020
55%
52 Christian Günter DF, MF 201 4 (22) 2012-2014, 2016-2020
55%
733 Christopher Nkunku MF, FW 32 5 (13) 2019-2020
55%
750 Daichi Kamada MF, FW 31 2 (4) 2017-2018, 2019-2020
55%
102 David Abraham DF 171 5 (3) 2012-2020
55%
23 Gonzalo Castro DF, MF 234 26 (51) 2010-2019
55%
336 Henrikh Mkhitaryan MF, FW 90 23 (28) 2013-2016
55%
892 Jannes Horn DF, MF 24 0 (1) 2016-2018
55%
647 Jean-Kévin Augustin FW 42 12 (5) 2017-2019
55%
1218 Joshua Zirkzee FW 9 4 (0) 2019-2020
55%
37 Julian Baumgartlinger DF, MF 216 5 (9) 2011-2020
55%
1595 Koray Günter DF 1 0 (0) 2013-2014
55%
1598 Luca Horn DF 1 0 (0) 2019-2020
55%
1253 Marvin Schulz DF, MF 8 0 (1) 2015-2016
55%
1503 Matthias Henn DF 2 0 (1) 2013-2014
55%
174 Michael Gregoritsch MF, FW 139 30 (10) 2015-2020
55%
31 Ömer Toprak DF 223 5 (2) 2010-2020
55%
718 Per Mertesacker DF 34 2 (0) 2010-2012
55%
910 Philippe Coutinho MF, FW 23 8 (6) 2019-2020
55%
470 Raúl FW 66 28 (8) 2010-2012
55%
708 Renato Sanches MF 35 1 (1) 2016-2017, 2018-2020
55%
602 Ridle Baku DF, MF, FW 48 3 (3) 2017-2020
55%
767 Roland Sallai MF, FW 31 4 (0) 2018-2020
55%
403 Rouwen Hennings MF, FW 77 23 (4) 2010-2011, 2018-2020
55%
321 Sebastian Kehl DF, MF 93 4 (5) 2010-2015
55%
949 Serhou Guirassy FW 21 4 (0) 2016-2018
55%
167 Simon Rolfes MF 144 16 (14) 2010-2015
55%
804 Süleyman Koç MF 29 1 (3) 2014-2015
55%
137 Timo Horn GK 154 0 (0) 2014-2017, 2019-2020
55%
489 Benjamin Henrichs DF, MF 62 0 (4) 2015-2019
52%
496 Dodi Lukebakio MF, FW 61 17 (9) 2018-2020
52%
535 Florian Klein DF, MF 56 3 (4) 2014-2016
52%
704 Jean Zimmer DF, FW 35 1 (2) 2018-2020
52%
302 Jhon Córdoba FW 98 23 (9) 2015-2017, 2019-2020
52%
632 Johannes Eggestein DF, MF, FW 44 5 (1) 2017-2020
52%
238 Julian Weigl DF, MF 116 3 (0) 2015-2020
52%
649 Kevin Stöger MF, FW 42 1 (11) 2018-2020
52%
91 Lewis Holtby MF 177 24 (25) 2010-2012, 2014-2018
52%
762 Marvin Ducksch FW 31 2 (1) 2013-2014, 2018-2019
52%
339 Matthias Zimmermann DF, MF 89 3 (6) 2011-2012, 2015-2016, 2017-2020
52%
215 Maximilian Eggestein MF 123 9 (10) 2014-2020
52%
706 Michael Ballack MF 35 2 (2) 2010-2012
52%
1287 Michael Ortega MF 7 0 (0) 2011-2012
52%
683 Pierre de Wit MF 38 3 (2) 2010-2012
52%
370 Robin Koch DF, MF 82 4 (1) 2017-2020
52%
699 Serey Die MF 36 1 (4) 2014-2016
52%
1127 Sheraldo Becker MF, FW 13 0 (2) 2019-2020
52%
563 Takashi Usami MF, FW 53 3 (3) 2011-2012, 2016-2017, 2018-2019
52%
628 Thilo Kehrer DF 45 4 (1) 2015-2018
52%
1204 Timo Becker DF, MF 10 0 (0) 2019-2020
52%
493 Alassane Pléa MF, FW 61 22 (14) 2018-2020
48%
494 Axel Witsel DF, MF 61 8 (6) 2018-2020
48%
90 Benedikt Höwedes DF 177 7 (3) 2010-2017
48%
735 Dani Carvajal DF 32 1 (7) 2012-2013
48%
1139 Dominik Schmidt DF 12 0 (0) 2010-2011
48%
190 Florian Grillitsch DF, MF 134 4 (10) 2015-2020
48%
344 Gelson Fernandes MF 88 2 (2) 2013-2014, 2017-2020
48%
566 Ibrahima Konaté DF 52 1 (1) 2017-2020
48%
796 Joelinton MF, FW 29 7 (5) 2015-2016, 2018-2019
48%
1378 Julian Koch DF, MF 4 0 (0) 2013-2015
48%
290 Kenan Karaman MF, FW 102 13 (4) 2013-2015, 2017-2020
48%
737 Keven Schlotterbeck DF, FW 32 0 (0) 2018-2020
48%
28 Kevin Vogt DF, MF 226 3 (8) 2012-2020
48%
423 Lucas Alario MF, FW 74 25 (8) 2017-2020
48%
895 Marcus Berg FW 24 1 (1) 2011-2013
48%
621 Matheus Cunha MF, FW 46 7 (1) 2018-2020
48%
177 Matthias Lehmann MF 138 10 (5) 2010-2011, 2014-2018
48%
823 Moussa Diaby MF, FW 28 5 (5) 2019-2020
48%
1025 Nico Schlotterbeck DF 17 0 (0) 2018-2020
48%
1631 Niklas Schmidt MF 1 0 (1) 2016-2017
48%
1228 Palkó Dárdai MF, FW 9 0 (0) 2017-2019
48%
158 Philipp Max DF, MF 147 15 (22) 2013-2014, 2015-2020
48%
869 Tim Kleindienst DF, FW 26 2 (3) 2017-2019
48%
574 Tobias Weis MF 52 2 (3) 2010-2014
48%
11 Vedad Ibišević FW 265 91 (31) 2010-2020
48%
25 Ádám Szalai FW 231 51 (18) 2010-2020
45%
163 Alexander Meier MF, FW 144 63 (12) 2010-2011, 2012-2018
45%
1403 Álvaro Odriozola DF 3 0 (0) 2019-2020
45%
421 Amine Harit MF, FW 74 10 (8) 2017-2020
45%
544 Benito Raman MF, FW 55 14 (7) 2018-2020
45%
1137 Borna Sosa DF, MF, FW 12 0 (1) 2018-2019
45%
249 Charles Aránguiz MF 111 8 (16) 2015-2020
45%
638 Dan-Axel Zagadou DF 43 4 (1) 2017-2020
45%
7 Daniel Baier MF 274 6 (16) 2011-2020
45%
1270 Daniel Heuer Fernandes GK 7 0 (0) 2016-2017
45%
889 Edimilson Fernandes DF, MF, FW 24 1 (0) 2019-2020
45%
981 Garra Dembélé MF, FW 19 1 (1) 2011-2013
45%
818 Grafite FW 28 9 (2) 2010-2011
45%
779 Hanno Behrens MF 30 4 (1) 2018-2019
45%
108 Ibrahima Traoré MF, FW 167 12 (19) 2011-2020
45%
142 Jakub Błaszczykowski MF 152 23 (24) 2010-2014, 2016-2019
45%
294 Jiří Pavlenka GK 101 0 (0) 2017-2020
45%
1311 Junior Fernándes MF, FW 6 0 (1) 2012-2013
45%
183 Kyriakos Papadopoulos DF, MF 136 8 (4) 2010-2018
45%
291 Luca Waldschmidt MF, FW 102 18 (6) 2014-2020
45%
64 Luiz Gustavo DF, MF 190 15 (7) 2010-2017
45%
1312 Lukas Nmecha MF, FW 6 0 (0) 2019-2020
45%
254 Mahmoud Dahoud MF 110 8 (19) 2014-2020
45%
346 Maximilian Philipp MF, FW 88 20 (6) 2013-2014, 2016-2019
45%
187 Mitchell Weiser DF, MF, FW 135 8 (13) 2011-2012, 2013-2020
45%
385 Niclas Füllkrug FW 79 22 (5) 2011-2012, 2017-2020
45%
742 Ousmane Dembélé MF, FW 32 6 (11) 2016-2017
45%
993 Ramy Bensebaini DF 19 5 (3) 2019-2020
45%
609 Robin Zentner GK 47 0 (0) 2017-2020
45%
729 Ruben Vargas MF, FW 33 6 (1) 2019-2020
45%
805 Sven Michel MF, FW 29 5 (1) 2019-2020
45%
450 Waldemar Anton DF, MF 69 3 (0) 2015-2016, 2017-2019
45%
481 Bo Svensson DF 64 0 (1) 2010-2014
42%
9 Christian Gentner MF 270 34 (23) 2010-2015, 2017-2020
42%
1138 Dani Olmo MF, FW 12 3 (1) 2019-2020
42%
67 Diego Benaglio GK 189 0 (0) 2010-2017
42%
794 Eduardo Vargas MF, FW 29 2 (3) 2015-2017
42%
959 Håvard Nielsen MF, FW 20 2 (1) 2013-2014, 2016-2017
42%
567 Jean-Philippe Mateta FW 52 17 (3) 2018-2020
42%
235 Ji Dong-won MF, FW 117 13 (3) 2012-2020
42%
1310 József Varga MF 6 0 (0) 2012-2013
42%
329 Kaan Ayhan DF, MF 91 7 (5) 2013-2015, 2018-2020
42%
62 Konstantin Rausch DF, MF 192 13 (18) 2010-2018
42%
413 Ludwig Augustinsson DF, MF, FW 75 2 (6) 2017-2020
42%
475 Manuel Akanji DF, MF 65 1 (1) 2017-2020
42%
587 Marcin Kamiński DF 50 0 (1) 2017-2019
42%
1501 Marian Sarr DF 2 0 (0) 2013-2014
42%
1254 Mikel Merino MF 8 0 (0) 2016-2017
42%
170 Niklas Stark DF, MF 141 6 (1) 2012-2013, 2015-2020
42%
547 Niko Gießelmann DF, FW 55 1 (4) 2018-2020
42%
636 Nordi Mukiele DF, FW 44 4 (2) 2018-2020
42%
1255 Ola John MF, FW 8 0 (0) 2013-2014
42%
514 Ondrej Duda MF, FW 59 12 (6) 2016-2020
42%
14 Patrick Herrmann DF, MF, FW 259 45 (35) 2010-2020
42%
826 Paulinho MF, FW 28 3 (2) 2018-2020
42%
324 Sascha Mölders FW 92 18 (3) 2011-2016
42%
1323 Timmy Tillman MF, FW 6 0 (0) 2018-2019
42%
420 Weston McKennie DF, MF, FW 75 4 (4) 2016-2020
42%
257 Alfredo Morales DF, MF 109 4 (5) 2011-2012, 2015-2016, 2018-2020
39%
1104 Angeliño DF, FW 13 1 (2) 2019-2020
39%
644 Aymen Barkok DF, MF, FW 42 2 (3) 2016-2020
39%
259 Bas Dost FW 109 44 (10) 2012-2016, 2019-2020
39%
645 Bruma MF, FW 42 5 (3) 2017-2019
39%
55 Fabian Johnson DF, MF 198 17 (22) 2010-2020
39%
202 Ivica Olić FW 129 32 (12) 2010-2016
39%
303 Jeffrey Bruma DF 97 4 (1) 2011-2012, 2016-2020
39%
679 Josh Sargent MF, FW 38 6 (2) 2018-2020
39%
127 Julian Schuster MF 157 8 (12) 2010-2014, 2016-2018
39%
739 Marcel Sobottka MF 32 0 (1) 2018-2020
39%
1174 Mark Flekken GK 11 0 (0) 2018-2020
39%
222 Mark Uth MF, FW 121 36 (18) 2015-2020
39%
175 Nicolas Höfler MF 139 5 (5) 2013-2014, 2016-2020
39%
231 Sidney Sam MF, FW 118 26 (16) 2010-2017
39%
1101 Stefan Mitrović DF 14 0 (1) 2014-2015
39%
334 Suat Serdar MF, FW 91 11 (1) 2015-2020
39%
456 Tom Starke GK 68 0 (0) 2010-2013, 2016-2018
39%
1102 Victor Osimhen FW 14 0 (0) 2016-2018
39%
915 Xaver Schlager MF 23 1 (2) 2019-2020
39%
974 Zhi-Gin Lam DF, MF 20 1 (1) 2011-2014
39%
808 Amadou Haidara MF, FW 28 1 (1) 2018-2020
35%
886 Arkadiusz Milik FW 24 2 (0) 2012-2014
35%
1459 Chris Führich MF, FW 2 0 (0) 2017-2018
35%
771 Dawid Kownacki MF, FW 30 4 (0) 2018-2020
35%
1087 Edmond Tapsoba DF 14 0 (0) 2019-2020
35%
122 Felix Klaus MF, FW 160 15 (8) 2012-2015, 2017-2020
35%
905 Felix Platte FW 23 2 (1) 2014-2017
35%
224 Franco Di Santo MF, FW 120 22 (10) 2013-2019
35%
1167 Frederik Rønnow GK 11 0 (0) 2018-2020
35%
125 Heiko Westermann DF, MF 159 9 (4) 2010-2015
35%
289 Jeffrey Gouweleeuw DF 102 2 (4) 2015-2020
35%
447 Jermaine Jones MF 69 3 (7) 2010-2014
35%
758 Marc Bartra DF 31 2 (1) 2016-2018
35%
760 Marcus Thuram MF, FW 31 10 (8) 2019-2020
35%
30 Martin Harnik MF, FW 223 66 (21) 2010-2015, 2017-2020
35%
44 Marvin Plattenhardt DF, MF 210 8 (29) 2010-2020
35%
160 Max Meyer MF, FW 146 17 (12) 2012-2018
35%
1199 Michy Batshuayi FW 10 7 (1) 2017-2018
35%
634 Mickaël Cuisance MF, FW 44 1 (2) 2017-2020
35%
169 Nico Elvedi DF 141 5 (5) 2015-2020
35%
1349 Omar Marmoush MF, FW 5 0 (0) 2019-2020
35%
33 Oscar Wendt DF, MF 222 15 (13) 2011-2020
35%
69 Paul Verhaegh DF 189 21 (12) 2011-2019
35%
1440 Pepe Reina GK 3 0 (0) 2014-2015
35%
426 Renato Steffen MF, FW 74 11 (4) 2017-2020
35%
768 Stefan Lainer DF, MF 31 1 (3) 2019-2020
35%
828 Takuma Asano MF, FW 28 1 (0) 2017-2019
35%
22 Theodor Gebre Selassie DF, MF, FW 237 20 (12) 2012-2020
35%
746 Torsten Frings MF 32 6 (2) 2010-2011
35%
1031 Zack Steffen GK 17 0 (0) 2019-2020
35%
770 Zé Roberto DF, MF 31 1 (9) 2010-2011
35%
388 Adam Bodzek DF, MF 78 2 (2) 2012-2013, 2018-2020
32%
241 Adrián Ramos FW 115 35 (14) 2011-2012, 2013-2017
32%
1206 Alexander Fuchs MF, FW 9 1 (0) 2018-2019
32%
200 Christian Fuchs DF, MF 130 4 (26) 2010-2015
32%
83 Clemens Fritz DF, MF 179 2 (11) 2010-2017
32%
1554 Danny Fuchs MF, FW 1 0 (0) 2010-2011
32%
1463 Davor Lovren MF 2 0 (0) 2018-2019
32%
464 Davy Klaassen MF 66 12 (9) 2018-2020
32%
103 Dominik Kohr DF, MF 171 4 (10) 2011-2020
32%
244 Florian Niederlechner MF, FW 113 30 (10) 2015-2020
32%
152 Halil Altıntop MF, FW 149 20 (14) 2010-2011, 2013-2017
32%
778 Hamit Altıntop DF, MF 30 2 (3) 2010-2011, 2016-2017
32%
890 Hans-Jörg Butt GK 24 0 (0) 2010-2012
32%
378 Jan Kirchhoff DF, MF 80 0 (2) 2010-2015
32%
1586 Josha Vagnoman DF 1 0 (0) 2017-2018
32%
570 Kevin Akpoguma DF, FW 52 0 (1) 2017-2020
32%
920 Laurent Jans DF, MF 22 0 (1) 2019-2020
32%
140 Levin Öztunalı MF, FW 153 11 (19) 2013-2020
32%
331 Loris Karius GK 91 0 (0) 2012-2016
32%
593 Lucas Barrios FW 49 20 (2) 2010-2012
32%
695 Luuk de Jong FW 36 6 (2) 2012-2014
32%
657 Marcel de Jong DF, MF 41 2 (1) 2011-2015
32%
119 Marcel Schäfer DF, MF 161 7 (16) 2010-2017
32%
641 Marco Fabián MF, FW 43 8 (6) 2015-2019
32%
633 Marco Friedl DF, MF 44 1 (3) 2017-2020
32%
454 Marco Richter MF, FW 68 9 (9) 2017-2020
32%
740 Marius Bülter DF, MF, FW 32 7 (1) 2019-2020
32%
437 Marko Arnautović MF, FW 72 14 (9) 2010-2014
32%
799 Medhi Benatia DF 29 2 (2) 2014-2016
32%
1316 Michael Fink MF 6 0 (0) 2010-2011
32%
487 Milot Rashica MF, FW 63 18 (10) 2017-2020
32%
1098 Moanes Dabbur MF, FW 14 4 (0) 2019-2020
32%
1178 Nigel de Jong MF 11 0 (0) 2017-2018
32%
520 Oliver Fink MF, FW 58 6 (4) 2012-2013, 2018-2020
32%
445 Oliver Kirch DF, MF 70 2 (3) 2010-2015
32%
63 Pirmin Schwegler MF 191 4 (17) 2010-2011, 2012-2019
32%
395 Rafael van der Vaart MF 78 16 (17) 2012-2015
32%
216 Raphael Schäfer GK 123 0 (0) 2010-2014
32%
147 Salomon Kalou MF, FW 151 48 (11) 2014-2020
32%
369 Serdar Tasci DF 83 3 (2) 2010-2013, 2015-2016
32%
522 Simon Terodde FW 58 10 (2) 2010-2011, 2017-2018, 2019-2020
32%
40 Tony Jantschke DF, MF 214 4 (7) 2010-2020
32%
107 Vladimír Darida MF 169 19 (19) 2013-2020
32%
115 Wendell DF, MF 164 7 (10) 2014-2020
32%
852 Almamy Touré DF, MF 26 1 (3) 2018-2020
29%
809 Andreas Lambertz MF 28 1 (3) 2012-2013
29%
79 André Hahn MF, FW 182 34 (19) 2012-2020
29%
533 Arne Maier MF 56 0 (1) 2016-2020
29%
1058 Chris DF, MF 15 3 (3) 2010-2012
29%
813 Christian Lell DF 28 1 (3) 2011-2012
29%
701 Danijel Pranjić DF, MF 35 0 (4) 2010-2012
29%
438 Felipe Santana DF 71 3 (1) 2010-2015
29%
377 Florian Kainz MF, FW 80 10 (13) 2016-2020
29%
1018 Florian Kastenmeier GK 17 0 (0) 2019-2020
29%
1045 Grischa Prömel MF 16 0 (0) 2019-2020
29%
693 Gylfi Sigurðsson MF, FW 36 9 (3) 2010-2012
29%
1046 Ivan Rakitić MF 16 1 (3) 2010-2011
29%
353 Josip Brekalo MF, FW 86 10 (10) 2016-2020
29%
153 Josuha Guilavogui DF, MF 149 8 (4) 2014-2020
29%
1590 Julius Kade MF 1 0 (0) 2016-2017
29%
964 Kevin Mbabu DF 20 3 (1) 2019-2020
29%
84 Leonardo Bittencourt MF, FW 179 22 (26) 2012-2020
29%
260 Marcell Jansen DF, MF 109 11 (6) 2010-2015
29%
1022 Marcelo Díaz MF 17 0 (0) 2014-2016
29%
274 Matija Nastasić DF 107 1 (0) 2014-2020
29%
864 Michael Lang DF, FW 26 1 (0) 2018-2020
29%
1630 Niklas Dorsch MF 1 1 (0) 2017-2018
29%
275 Niklas Moisander DF 107 2 (1) 2016-2020
29%
1636 Oliver Batista-Meier MF, FW 1 0 (0) 2019-2020
29%
596 Papiss Cissé FW 49 31 (4) 2010-2012
29%
78 Robin Knoche DF 183 12 (4) 2011-2020
29%
132 Rune Jarstein GK 156 0 (0) 2013-2020
29%
1203 Sebastian Maier MF 10 0 (0) 2017-2018
29%
204 Shinji Okazaki MF, FW 128 37 (4) 2010-2015
29%
70 Sokratis Papastathopoulos DF 189 9 (2) 2011-2018
29%
261 Steven Zuber DF, MF, FW 109 14 (9) 2014-2020
29%
1156 Taiwo Awoniyi MF, FW 12 1 (0) 2019-2020
29%
720 Theofanis Gekas FW 34 16 (2) 2010-2011
29%
461 Tim Wiese GK 67 0 (0) 2010-2013
29%
181 Yannick Gerhardt DF, MF, FW 137 8 (10) 2014-2020
29%
73 Zlatko Junuzović MF, FW 188 21 (40) 2011-2018
29%
1295 Adnan Januzaj MF, FW 6 0 (2) 2015-2016
26%
474 Anatoliy Tymoshchuk DF, MF 65 4 (1) 2010-2013
26%
551 Andreas Ottl MF 54 0 (2) 2010-2013
26%
1297 Antony Evans DF, MF 6 0 (0) 2019-2020
26%
1056 Arne Friedrich DF 15 0 (0) 2010-2011
26%
283 Atsuto Uchida DF 104 1 (12) 2010-2015
26%
349 Cacau FW 86 18 (6) 2010-2014
26%
362 Denis Zakaria DF, MF 84 8 (3) 2017-2020
26%
397 Diego MF 77 19 (18) 2010-2011, 2012-2014
26%
350 Emir Spahić DF 86 3 (3) 2013-2017
26%
427 Erik Durm DF, FW 73 2 (4) 2013-2016, 2019-2020
26%
68 Eugen Polanski MF 189 12 (9) 2010-2018
26%
1113 Fabian Reese MF, FW 13 0 (0) 2015-2017, 2019-2020
26%
775 Fabian Schär DF, MF 30 1 (0) 2015-2017
26%
1565 Fabian Schönheim DF 1 0 (0) 2011-2012
26%
1016 Felipe Aliste Lopes DF 17 0 (0) 2011-2013
26%
1039 Felix Passlack DF, MF 16 0 (0) 2015-2018
26%
630 Gerald Asamoah MF, FW 44 6 (6) 2010-2011, 2012-2013
26%
214 Giulio Donati DF, FW 124 0 (5) 2013-2019
26%
1001 Jann-Fiete Arp MF, FW 18 2 (0) 2017-2018
26%
76 Jannik Vestergaard DF 185 14 (1) 2010-2018
26%
265 Jan Schlaudraff MF, FW 108 10 (13) 2010-2015
26%
345 Jaroslav Drobný GK 88 0 (0) 2010-2016, 2018-2019
26%
277 Jefferson Farfán MF, FW 106 22 (25) 2010-2015
26%
221 Juan Arango MF 121 23 (26) 2010-2014
26%
1339 Julian Green MF, FW 5 0 (0) 2014-2015
26%
182 Julian Schieber FW 136 24 (6) 2010-2020
26%
448 Júnior Díaz DF, MF 69 2 (5) 2012-2016
26%
1093 Kevin Kurányi FW 14 0 (0) 2015-2016
26%
1379 Konstantin Engel DF 4 0 (0) 2015-2016
26%
476 Manuel Friedrich DF 65 2 (0) 2010-2014
26%
1314 Martín Demichelis DF, MF 6 1 (0) 2010-2011
26%
282 Marvin Compper DF 105 6 (1) 2010-2012, 2016-2018
26%
682 Marvin Friedrich DF 38 2 (0) 2014-2015, 2019-2020
26%
218 Mathew Leckie DF, MF, FW 122 10 (3) 2011-2012, 2015-2020
26%
1315 Maximilian Beier MF, FW 6 0 (0) 2019-2020
26%
300 Mike Hanke FW 99 18 (8) 2010-2014
26%
598 Milivoje Novaković FW 48 22 (6) 2010-2012
26%
384 Miloš Jojić MF 79 12 (9) 2013-2018
26%
304 Moritz Leitner MF 97 2 (6) 2011-2017
26%
431 Nabil Bentaleb MF 73 12 (7) 2016-2019
26%
178 Pavel Kadeřábek DF, FW 138 7 (17) 2015-2020
26%
49 Per Ciljan Skjelbred MF 205 2 (11) 2011-2020
26%
845 Piotr Trochowski MF 27 2 (0) 2010-2011, 2015-2016
26%
340 Robert Bauer DF, MF, FW 89 2 (4) 2015-2019
26%
402 Róbert Mak MF, FW 77 6 (5) 2010-2014
26%
1124 Robin Bormuth DF 13 0 (0) 2018-2020
26%
698 Sandro Sirigu DF 36 2 (4) 2015-2017
26%
188 Sebastian Jung DF 135 1 (12) 2010-2011, 2012-2019
26%
1128 Tim Borowski MF 13 0 (0) 2010-2012
26%
45 Yunus Mallı MF, FW 210 36 (25) 2011-2020
26%
1669 Zvjezdan Misimović MF 1 0 (0) 2010-2011
26%
542 Abdou Diallo DF, MF 55 3 (2) 2017-2019
23%
580 Alexander Baumjohann MF 50 1 (4) 2010-2011, 2013-2014, 2015-2016
23%
171 Alexandru Maxim MF, FW 140 14 (24) 2012-2015, 2017-2020
23%
1010 Andrea Barzagli DF 17 0 (0) 2010-2011
23%
1034 Anthony Jung DF, MF, FW 16 1 (1) 2016-2017
23%
13 Bastian Oczipka DF, FW 259 3 (33) 2010-2020
23%
233 Benjamin Hübner DF 117 7 (9) 2015-2020
23%
734 Christopher Trimmel DF, MF, FW 32 0 (8) 2019-2020
23%
565 Christoph Metzelder DF 52 2 (1) 2010-2013
23%
933 Cícero Santos MF 21 1 (1) 2010-2011
23%
1164 Daniel Jensen MF 11 0 (1) 2010-2011
23%
510 Daniel Van Buyten DF 59 7 (0) 2010-2014
23%
271 Didier Ya Konan MF, FW 107 31 (10) 2010-2015
23%
606 Douglas Santos DF, MF 47 1 (1) 2016-2018
23%
217 Elkin Soto MF 122 10 (8) 2010-2016
23%
314 Eren Derdiyok FW 94 15 (9) 2010-2014
23%
149 Ermin Bičakčić DF 150 6 (2) 2010-2011, 2013-2020
23%
1419 Exequiel Palacios MF 3 0 (0) 2019-2020
23%
562 Fabian Frei DF, MF 53 1 (3) 2015-2018
23%
958 Florian Hübner DF 20 0 (0) 2017-2018, 2019-2020
23%
1043 Fredrik Jensen MF, FW 16 1 (0) 2018-2020
23%
1245 Gianluca Gaudino MF 8 0 (0) 2014-2015
23%
391 Gideon Jung DF, MF 78 1 (1) 2015-2018
23%
310 Guido Burgstaller MF, FW 95 24 (7) 2016-2020
23%
75 Håvard Nordtveit DF, MF 186 10 (10) 2010-2015, 2017-2020
23%
1216 Heurelho Gomes GK 9 0 (0) 2012-2013
23%
1144 Jonathan Burkardt MF, FW 12 1 (0) 2018-2020
23%
525 Mame Biram Diouf DF, MF, FW 57 26 (13) 2011-2014
23%
93 Marco Russ DF, MF 176 12 (8) 2010-2019
23%
1023 Marek Mintál MF, FW 17 0 (2) 2010-2011
23%
947 Mitchell Langerak GK 21 0 (0) 2010-2016
23%
1200 Nelson Valdez FW 10 1 (0) 2014-2015
23%
784 Nicolás González MF, FW 30 2 (3) 2018-2019
23%
198 Nikolče Noveski DF 131 4 (1) 2010-2015
23%
1509 Pelle Jensen DF 2 0 (0) 2012-2013
23%
211 Ragnar Klavan DF 125 4 (0) 2012-2016
23%
185 Raúl Bobadilla FW 136 25 (7) 2010-2011, 2013-2018
23%
305 Roel Brouwers DF 97 3 (3) 2010-2016
23%
948 Sami Hyypiä DF 21 1 (0) 2010-2011
23%
315 Santiago García DF 94 4 (8) 2013-2017
23%
1445 Sebastian Soto MF, FW 3 0 (0) 2018-2019
23%
226 Sejad Salihović DF, MF 120 35 (18) 2010-2014, 2017-2018
23%
995 Ulisses Garcia DF, MF 19 0 (2) 2015-2018
23%
532 Yevhen Konoplyanka MF, FW 57 6 (6) 2016-2019
23%
96 Admir Mehmedi MF, FW 174 32 (21) 2013-2020
19%
1326 Ailton DF, MF 5 0 (0) 2017-2018
19%
342 Alfreð Finnbogason FW 88 35 (7) 2015-2020
19%
372 Álvaro Domínguez DF 81 3 (4) 2012-2016
19%
488 Andreas Christensen DF, MF 62 5 (1) 2015-2017
19%
263 Artjoms Rudņevs FW 108 22 (13) 2012-2017
19%
1108 Cauly Oliveira Souza MF, FW 13 2 (0) 2019-2020
19%
1211 Chinedu Ede MF, FW 9 1 (0) 2012-2013
19%
1268 Chris Löwe DF, MF 7 0 (0) 2011-2012
19%
126 Christian Träsch DF, MF 158 1 (11) 2010-2017
19%
144 Daniel Didavi MF, FW 151 42 (16) 2010-2019
19%
1464 Deniz Yılmaz FW 2 0 (0) 2011-2012
19%
72 Dennis Aogo DF, MF 188 2 (18) 2010-2019
19%
751 Divock Origi MF, FW 31 6 (2) 2017-2018
19%
832 Dominick Drexler MF, FW 27 3 (4) 2019-2020
19%
123 Dominique Heintz DF 159 4 (2) 2011-2012, 2015-2020
19%
712 Edson Braafheid DF 34 1 (4) 2010-2012
19%
398 Erik Thommy MF, FW 77 9 (9) 2013-2014, 2017-2020
19%
124 Fabian Lustenberger DF, MF 159 1 (2) 2011-2012, 2013-2019
19%
956 Florian Fromlowitz GK 20 0 (0) 2010-2011
19%
1570 Florian Kringe DF, MF 1 0 (0) 2011-2012
19%
104 Gōtoku Sakai DF, MF 170 2 (9) 2011-2018
19%
322 Hiroki Sakai DF, MF 92 2 (1) 2012-2016
19%
631 Jacob Bruun Larsen MF, FW 44 2 (4) 2017-2020
19%
524 Jérôme Roussillon DF 57 4 (5) 2018-2020
19%
983 Joel Pohjanpalo MF, FW 19 7 (0) 2016-2017, 2019-2020
19%
266 Johan Djourou DF 108 2 (0) 2012-2017
19%
383 Joselu FW 79 22 (6) 2012-2015
19%
273 Josip Drmić MF, FW 107 31 (5) 2013-2019
19%
443 Josué MF 70 0 (1) 2010-2013
19%
237 Julian Korb DF, MF 116 2 (3) 2011-2012, 2013-2019
19%
1091 Julian Ryerson DF, MF 14 0 (0) 2019-2020
19%
1593 Kevin Kraus DF 1 0 (0) 2010-2011
19%
130 Marco Höger DF, MF 156 7 (9) 2011-2017, 2019-2020
19%
724 Markus Rosenberg FW 33 10 (5) 2011-2012
19%
1121 Mark van Bommel MF 13 0 (1) 2010-2011
19%
430 Mehmet Ekici MF 73 7 (12) 2010-2014
19%
280 Miloš Veljković DF 106 2 (1) 2015-2020
19%
923 Mohamed Zidan FW 22 7 (2) 2010-2012
19%
881 Oliver Burke MF, FW 25 1 (2) 2016-2017
19%
1026 Patrick Owomoyela DF, MF 17 1 (2) 2010-2012
19%
131 Peter Pekarík DF 156 1 (9) 2010-2011, 2013-2020
19%
203 Pierre-Michel Lasogga FW 128 34 (4) 2011-2012, 2013-2017
19%
1049 Rafa DF, MF 16 0 (0) 2014-2015
19%
884 Ruud van Nistelrooy FW 25 7 (2) 2010-2011
19%
269 Sami Allagui MF, FW 108 26 (6) 2010-2011, 2013-2014, 2016-2017
19%
286 Sascha Riether DF, MF 103 2 (2) 2010-2011, 2014-2016, 2018-2019
19%
480 Sebastian Boenisch DF 65 3 (6) 2010-2016
19%
492 Sergio Córdova MF, FW 62 7 (2) 2017-2020
19%
412 Simon Zoller MF, FW 76 11 (4) 2014-2018
19%
186 Stefan Reinartz DF, MF 136 10 (6) 2010-2016
19%
375 Szabolcs Huszti MF 81 22 (20) 2012-2013, 2015-2017
19%
1664 Tolcay Ciğerci MF 1 0 (0) 2014-2015
19%
516 Tolga Ciğerci MF 59 1 (5) 2010-2016
19%
604 Uwe Hünemeier DF 48 3 (2) 2014-2015, 2019-2020
19%
1131 Valon Berisha MF, FW 13 0 (1) 2019-2020
19%
212 Vieirinha DF, FW 125 4 (16) 2011-2017
19%
1451 Yann Aurel Bisseck DF, MF 3 0 (0) 2017-2018
19%
128 Yuya Osako MF, FW 157 26 (15) 2014-2020
19%
916 Ademola Lookman MF, FW 22 5 (3) 2017-2018, 2019-2020
16%
550 Albin Ekdal MF 54 1 (2) 2015-2018
16%
317 Alessandro Schöpf DF, MF, FW 93 10 (4) 2015-2020
16%
71 Alexander Esswein MF, FW 188 14 (12) 2011-2020
16%
1361 Alexander Hleb MF 4 1 (0) 2011-2012
16%
209 Alexander Schwolow GK 125 0 (1) 2013-2014, 2016-2020
16%
853 Amin Younes MF, FW 26 1 (1) 2011-2014
16%
997 Andriy Yarmolenko MF, FW 18 3 (3) 2017-2018
16%
1364 Angelos Charisteas FW 4 1 (0) 2010-2011
16%
193 Anthony Ujah MF, FW 133 30 (7) 2011-2012, 2014-2015, 2017-2020
16%
692 Benno Schmitz DF 36 0 (2) 2016-2017, 2019-2020
16%
433 Bobby Wood MF, FW 72 10 (3) 2016-2019
16%
284 Branimir Hrgota MF, FW 104 12 (5) 2012-2019
16%
219 Carlos Zambrano DF, MF 121 1 (2) 2010-2011, 2012-2016
16%
164 Cédric Makiadi MF 144 10 (8) 2010-2015
16%
1547 Chris Richards DF, MF 1 0 (0) 2019-2020
16%
118 Daniel Schwaab DF 161 1 (4) 2010-2016
16%
99 Dennis Diekmeier DF, MF 173 0 (11) 2010-2018
16%
298 Filip Daems DF 99 10 (1) 2010-2014
16%
1469 Franck Evina FW 2 0 (0) 2017-2018
16%
227 Genki Haraguchi DF, MF, FW 119 4 (8) 2014-2019
16%
351 Haris Seferović FW 86 16 (12) 2014-2017
16%
465 Igor de Camargo MF, FW 66 15 (3) 2010-2013
16%
422 Ihlas Bebou DF, MF, FW 74 15 (6) 2017-2020
16%
982 Ioannis Amanatidis MF, FW 19 0 (0) 2010-2011
16%
1423 Ivan Klasnić FW 3 1 (0) 2012-2013
16%
1580 Jan Šimák MF 1 0 (0) 2010-2011
16%
435 Jeremy Toljan DF, MF 72 3 (5) 2013-2018
16%
220 Johannes Geis DF, MF 121 8 (15) 2012-2017
16%
1197 Josip Šimunić DF 10 0 (0) 2010-2011
16%
656 Kevin Danso DF, MF 41 3 (1) 2016-2019
16%
554 Kevin Wimmer DF 54 0 (0) 2014-2015, 2018-2019
16%
42 Koo Ja-cheol MF 211 28 (11) 2010-2019
16%
1490 Kwasi Okyere Wriedt FW 2 0 (0) 2017-2018, 2019-2020
16%
716 Lars Unnerstall GK 34 0 (0) 2011-2013
16%
985 Leandro Barreiro Martins MF 19 0 (2) 2018-2020
16%
414 Lukas Schmitz DF, MF 75 0 (6) 2010-2014
16%
1382 Malick Thiaw DF 4 0 (0) 2019-2020
16%
681 Malik Fathi DF 38 0 (2) 2010-2011, 2013-2014
16%
110 Manuel Schmiedebach MF 167 2 (7) 2010-2015, 2017-2018, 2019-2020
16%
546 Marko Marin MF, FW 55 4 (13) 2010-2012
16%
323 Mohammed Abdellaoue FW 92 30 (3) 2010-2014
16%
439 Moritz Stoppelkamp MF, FW 71 4 (3) 2010-2011, 2014-2015
16%
1024 Nando Rafael FW 17 4 (0) 2011-2013
16%
176 Niko Bungert DF 139 7 (3) 2010-2016, 2018-2019
16%
600 Paolo Guerrero FW 48 10 (3) 2010-2012
16%
673 Patrick Helmes FW 39 18 (3) 2010-2013
16%
843 Patrick Ziegler DF, MF 27 0 (0) 2014-2015
16%
242 Philipp Wollscheid DF 115 7 (0) 2010-2014, 2016-2017
16%
521 Roberto Hilbert DF, MF 58 1 (1) 2013-2017
16%
1514 Sarpreet Singh MF, FW 2 0 (0) 2019-2020
16%
730 Sebastian Andersson FW 33 12 (1) 2019-2020
16%
1234 Simeon Jackson FW 9 0 (0) 2013-2014
16%
1446 Sinan Kurt MF, FW 3 0 (0) 2014-2015, 2016-2017
16%
312 Srđan Lakić FW 95 22 (2) 2010-2015
16%
523 Tamás Hajnal MF 58 4 (11) 2010-2013
16%
293 Timmy Simons DF, MF 102 11 (3) 2010-2013
16%
642 Tobias Sippel GK 43 0 (0) 2010-2011, 2015-2016, 2017-2018
16%
306 Tranquillo Barnetta MF 97 6 (11) 2010-2015
16%
902 Tyler Adams DF, MF 24 0 (2) 2018-2020
16%
472 Yoshinori Mutō MF, FW 66 20 (4) 2015-2018
16%
559 Aleksandar Dragović DF, MF 53 2 (1) 2016-2020
13%
473 Alexander Hack DF 65 2 (2) 2015-2020
13%
1535 Ali Karimi MF, FW 1 0 (0) 2010-2011
13%
258 Almog Cohen MF 109 9 (4) 2010-2012, 2015-2017
13%
405 Andreas Ivanschitz MF 76 16 (9) 2010-2013
13%
581 Ashkan Dejagah MF, FW 50 6 (8) 2010-2013
13%
296 Caiuby MF, FW 100 11 (13) 2014-2019
13%
560 Chinedu Obasi FW 53 4 (1) 2010-2015
13%
165 Christian Clemens MF, FW 144 15 (7) 2010-2011, 2013-2017, 2019-2020
13%
583 Christian Eichner DF 50 0 (4) 2010-2012
13%
460 Christian Pander DF 67 2 (9) 2010-2015
13%
677 Christian Strohdiek DF 38 1 (2) 2014-2015, 2019-2020
13%
1548 Christian Weber DF, MF 1 0 (0) 2012-2013
13%
1109 Christopher Nöthe MF, FW 13 0 (1) 2012-2013
13%
509 Constant Djakpa DF 59 0 (0) 2010-2011, 2012-2016
13%
101 Daniel Brosinski DF, MF, FW 172 8 (22) 2014-2020
13%
616 Dennis Geiger MF 46 2 (5) 2017-2020
13%
935 Diadie Samassékou MF 21 0 (1) 2019-2020
13%
772 Djibril Sow MF 30 1 (3) 2016-2017, 2019-2020
13%
624 Dominik Kaiser MF, FW 45 1 (0) 2010-2011, 2016-2018
13%
936 Dominik Reinhardt DF 21 0 (1) 2011-2014
13%
666 Edu FW 40 4 (2) 2010-2013
13%
313 Eljero Elia MF, FW 94 6 (8) 2010-2015
13%
736 Ellyes Skhiri MF 32 1 (3) 2019-2020
13%
428 Felix Wiedwald GK 73 0 (0) 2013-2016, 2019-2020
13%
145 Fin Bartels MF, FW 151 24 (16) 2010-2011, 2014-2020
13%
1571 Florian Mayer DF 1 0 (0) 2017-2018
13%
713 Gonçalo Paciência MF, FW 34 10 (4) 2018-2020
13%
938 Guy Demel DF, MF 21 0 (0) 2010-2011
13%
1064 Hasan Salihamidžić DF, MF 15 3 (0) 2011-2012
13%
960 Hugo Almeida FW 20 10 (0) 2010-2011, 2015-2016
13%
513 Ishak Belfodil MF, FW 59 20 (4) 2017-2020
13%
208 Jan-Ingwer Callsen-Bracker DF 126 9 (3) 2010-2016, 2018-2019
13%
1115 Jannik Huth GK 13 0 (0) 2016-2017, 2019-2020
13%
1309 Jan Šimůnek DF 6 0 (1) 2011-2012
13%
753 Jonjoe Kenny DF 31 2 (3) 2019-2020
13%
722 Jorge Meré DF 33 2 (1) 2017-2018, 2019-2020
13%
984 Joris Mathijsen DF 19 2 (0) 2010-2011
13%
619 José Manuel Jurado MF 46 3 (5) 2010-2012
13%
365 Karim Haggui DF 83 6 (0) 2010-2014
13%
330 Karim Onisiwo MF, FW 91 13 (10) 2015-2020
13%
505 Kostas Stafylidis DF, MF 60 6 (0) 2013-2014, 2015-2020
13%
436 Leon Balogun DF 72 1 (1) 2010-2011, 2012-2013, 2015-2018
13%
1497 Mads Pedersen DF, MF 2 0 (1) 2019-2020
13%
410 Manuel Gulde DF 76 3 (0) 2010-2011, 2016-2020
13%
556 Marco Terrazzino MF, FW 54 4 (4) 2012-2013, 2016-2019
13%
205 Markus Feulner MF 127 9 (8) 2010-2017
13%
669 Martin Amedick DF 40 2 (1) 2010-2012
13%
230 Martin Stranzl DF, MF 118 8 (0) 2010-2016
13%
279 Mërgim Mavraj DF 106 0 (0) 2012-2013, 2014-2018
13%
1507 Michael Schulze DF 2 0 (0) 2011-2012
13%
416 Michal Kadlec DF 75 4 (8) 2010-2013
13%
240 Mijat Gaćinović DF, MF, FW 116 3 (5) 2015-2020
13%
599 Mladen Petrić FW 48 18 (4) 2010-2012
13%
763 Nicklas Bendtner FW 31 3 (0) 2014-2016
13%
425 Omar Mascarell MF 74 1 (3) 2016-2020
13%
660 Ozan Kabak DF 41 6 (1) 2018-2020
13%
1641 Patrick Mayer FW 1 0 (0) 2011-2012
13%
440 Patrick Ochs DF, MF 71 2 (6) 2010-2014
13%
386 Peniel Mlapa FW 79 8 (2) 2010-2014
13%
608 Philipp Lienhart DF 47 0 (1) 2017-2020
13%
992 Philipp Ochs DF, MF, FW 19 0 (1) 2015-2018
13%
707 Rafał Gikiewicz GK 35 0 (0) 2017-2018, 2019-2020
13%
847 Reece Oxford DF, MF 27 0 (1) 2017-2020
13%
1442 Robin Hack MF, FW 3 1 (0) 2017-2018
13%
527 Ronny DF, MF 57 7 (7) 2011-2012, 2013-2016
13%
1651 Sandro Wieser DF, MF 1 0 (0) 2011-2012
13%
88 Sebastian Langkamp DF 178 5 (2) 2011-2020
13%
236 Sebastian Prödl DF, MF 117 9 (6) 2010-2015
13%
508 Sonny Kittel MF, FW 60 2 (2) 2010-2011, 2012-2013, 2014-2017
13%
223 Stefan Aigner MF, FW 121 25 (16) 2012-2016
13%
557 Stefan Posch DF 54 0 (0) 2017-2020
13%
404 Steve Cherundolo DF 77 0 (1) 2010-2014
13%
156 Sven Schipplock MF, FW 148 19 (10) 2010-2018
13%
573 Tarik Elyounoussi MF, FW 52 4 (5) 2013-2016
13%
689 Teemu Pukki FW 37 8 (1) 2011-2014
13%
1291 Terrence Boyd FW 7 1 (0) 2016-2017
13%
1322 Thomas Hitzlsperger MF 6 0 (0) 2011-2012
13%
652 Timo Hildebrand GK 42 0 (0) 2011-2015
13%
1262 Timon Wellenreuther GK 8 0 (0) 2014-2015
13%
790 Václav Kadlec FW 30 6 (3) 2013-2016
13%
232 Aleksandar Ignjovski DF, MF 117 1 (6) 2011-2017
10%
307 Alexander Madlung DF 96 9 (0) 2010-2015
10%
932 Andreas Ibertsberger DF 21 0 (0) 2010-2012
10%
1538 André Lenz GK 1 0 (0) 2010-2011
10%
348 Arthur Boka DF 86 4 (4) 2010-2014
10%
459 Baba Rahman DF, MF 67 0 (5) 2012-2013, 2014-2015, 2016-2019
10%
691 Benjamin Köhler MF 36 2 (1) 2010-2011, 2012-2013
10%
792 Carlos Gruezo MF 29 1 (1) 2013-2015, 2019-2020
10%
482 Christian Tiffert MF 64 4 (16) 2010-2012
10%
1085 Christofer Heimeroth GK 14 0 (0) 2010-2011, 2012-2013
10%
856 Christopher Lenz DF, MF, FW 26 0 (3) 2019-2020
10%
452 Christoph Moritz MF 68 2 (3) 2010-2016
10%
605 Ciprian Marica FW 47 8 (6) 2010-2013
10%
1110 Daley Sinkgraven DF, MF, FW 13 0 (1) 2019-2020
10%
1553 Danilo Soares DF 1 0 (0) 2015-2016
10%
213 Danny Latza MF 124 6 (9) 2015-2020
10%
615 David Jarolím MF 46 0 (1) 2010-2012
10%
1559 Dawda Bah MF, FW 1 0 (0) 2011-2012
10%
1368 Dedê DF 4 0 (0) 2010-2011
10%
281 Diego Demme DF, MF 105 1 (8) 2016-2020
10%
629 Elias Kachunga MF, FW 44 6 (1) 2010-2011, 2014-2016
10%
343 Emanuel Pogatetz DF 88 2 (0) 2010-2014
10%
1418 Ethan Ampadu DF, MF 3 0 (0) 2019-2020
10%
586 Gerrit Holtmann DF, MF, FW 50 3 (2) 2016-2020
10%
272 Gojko Kačar DF, MF 107 8 (3) 2010-2012, 2014-2018
10%
906 Gonzalo Jara DF, MF 23 0 (0) 2014-2016
10%
1000 Heinrich Schmidtgal DF, MF 18 0 (2) 2012-2013
10%
1576 Hrvoje Čale DF 1 0 (0) 2011-2012
10%
1194 Ibrahim Afellay MF, FW 10 2 (0) 2012-2013
10%
576 Isaac Vorsah DF, MF 51 3 (0) 2010-2012
10%
246 Ivo Iličević MF 112 16 (8) 2010-2015, 2018-2019
10%
940 Jacopo Sala DF, MF, FW 21 1 (0) 2011-2013
10%
780 Jamilu Collins DF 30 1 (2) 2019-2020
10%
173 Jan Morávek MF, FW 139 7 (10) 2010-2013, 2015-2020
10%
320 Javier Pinola DF 93 2 (2) 2010-2014
10%
618 Jetro Willems DF, MF 46 0 (3) 2017-2019
10%
1116 John Heitinga DF, MF 13 1 (0) 2014-2015
10%
569 Jordan Torunarigha DF 52 5 (3) 2016-2020
10%
1021 Junior Malanda MF 17 2 (1) 2013-2015
10%
409 Karim Guédé MF 76 6 (5) 2011-2014, 2016-2018
10%
797 Klaus Gjasula DF, MF 29 2 (1) 2019-2020
10%
723 László Bénes MF 33 1 (4) 2016-2020
10%
453 Leon Andreasen DF, MF 68 8 (4) 2012-2016
10%
1071 Logan Bailly GK 15 0 (0) 2010-2011
10%
571 Lukas Kübler DF, MF 52 0 (2) 2016-2020
10%
180 Lukas Rupp MF, FW 137 14 (8) 2011-2020
10%
1313 Mamadou Bah MF 6 0 (0) 2010-2013
10%
1251 Marcel Hartel MF, FW 8 0 (0) 2015-2017
10%
400 Marcelo DF 77 3 (0) 2013-2016
10%
822 Marcus Ingvartsen MF, FW 28 5 (2) 2019-2020
10%
411 Markus Suttner GK, DF 76 5 (7) 2015-2016, 2018-2020
10%
1176 Marlon Ritter MF 11 0 (1) 2019-2020
10%
360 Marvin Bakalorz MF 85 2 (3) 2013-2014, 2017-2019
10%
1384 Mateo Pavlović DF 4 0 (0) 2012-2013
10%
1385 Mathias Hain GK 4 0 (0) 2010-2011
10%
58 Matthias Ostrzolek DF, MF 196 1 (12) 2011-2019
10%
863 Max Grün GK 26 0 (0) 2012-2015
10%
990 Michael Bradley DF, MF 19 3 (3) 2010-2011
10%
594 Michael Mancienne DF, MF 49 0 (0) 2011-2014
10%
670 Mikael Ishak FW 40 4 (3) 2011-2012, 2018-2019
10%
417 Mišo Brečko DF, MF 75 0 (6) 2010-2011, 2014-2015
10%
595 Obite N'Dicka DF 49 2 (2) 2018-2020
10%
112 Oliver Sorg DF, MF 166 3 (7) 2011-2015, 2017-2019
10%
842 Panagiotis Retsos DF, FW 27 1 (3) 2017-2018, 2019-2020
10%
578 Park Joo-ho DF, MF 51 1 (2) 2013-2017
10%
1179 Pascal Köpke MF, FW 11 0 (0) 2018-2020
10%
1076 Paul-Georges Ntep MF, FW 15 0 (2) 2016-2018
10%
1350 Paulo Otávio DF, MF 5 0 (1) 2019-2020
10%
671 Pavel Pogrebnyak FW 40 9 (1) 2010-2012
10%
898 Petri Pasanen DF 24 0 (0) 2010-2011
10%
81 Philipp Bargfrede MF 182 6 (6) 2010-2020
10%
1201 Phillipp Mwene DF, MF 10 0 (0) 2018-2020
10%
526 Pierre Kunde MF, FW 57 4 (0) 2018-2020
10%
846 Rabbi Matondo MF, FW 27 2 (0) 2018-2020
10%
911 Reiss Nelson MF, FW 23 7 (0) 2018-2019
10%
579 Renato Augusto MF 51 6 (3) 2010-2013
10%
883 Riechedly Bazoer DF, MF 25 0 (1) 2016-2018
10%
827 Sebastiaan Bornauw DF 28 6 (0) 2019-2020
10%
332 Sérgio Pinto MF, FW 91 8 (8) 2010-2013
10%
528 Simon Kjær DF 57 3 (1) 2010-2013
10%
333 Stefan Ilsanker DF, MF 91 2 (2) 2016-2020
10%
899 Stephan Hain FW 24 2 (0) 2011-2013
10%
913 Steven Skrzybski DF, MF, FW 23 4 (3) 2018-2020
10%
247 Tin Jedvaj DF 112 5 (1) 2014-2020
10%
721 Tunay Torun MF, FW 34 4 (1) 2010-2013
10%
531 Valentino Lazaro DF, MF, FW 57 5 (11) 2017-2019
10%
457 Valentin Stocker MF 68 8 (5) 2014-2018
10%
446 Zdravko Kuzmanović MF 70 14 (5) 2010-2013
10%
806 Adam Nemec FW 28 4 (0) 2010-2012
6%
1530 Ahmet Arslan MF 1 0 (0) 2015-2016
6%
1082 Alexander Ring DF, MF 14 0 (0) 2011-2013
6%
690 Alex Manninger GK 36 0 (0) 2012-2016
6%
1033 Altin Lala MF 16 0 (0) 2010-2012
6%
543 Amir Abrashi MF 55 1 (0) 2016-2020
6%
389 Anderson Bamba DF 78 1 (4) 2010-2011, 2012-2015
6%
1264 Andreas Hinkel DF 7 0 (0) 2011-2012
6%
1329 Andreas Ludwig MF 5 0 (0) 2012-2013
6%
791 Andreas Luthe GK 29 0 (0) 2016-2020
6%
662 André Ramalho DF 40 0 (0) 2015-2018
6%
1363 Andrés Guardado DF, MF, FW 4 0 (0) 2013-2014
6%
1185 Andriy Voronin MF, FW 10 0 (1) 2012-2013
6%
998 Aristide Bancé FW 18 0 (0) 2012-2013
6%
811 Aron Jóhannsson MF, FW 28 4 (1) 2015-2019
6%
534 Axel Bellinghausen MF 56 5 (9) 2011-2013
6%
1036 Bakery Jatta MF, FW 16 0 (1) 2016-2018
6%
1542 Bálint Bajner FW 1 0 (0) 2012-2013
6%
1543 Ba-Muaka Simakala FW 1 0 (0) 2016-2017
6%
373 Benjamin Stambouli DF, MF 81 0 (4) 2016-2020
6%
592 Boris Vukčević MF 49 5 (2) 2010-2013
6%
1457 Bruno Nazário MF, FW 2 0 (0) 2013-2014
6%
582 Çağlar Söyüncü DF 50 1 (1) 2016-2018
6%
831 Caio Alves MF 27 1 (0) 2010-2011
6%
1410 Can Bozdogan MF, FW 3 0 (0) 2019-2020
6%
1188 Cha Du-ri DF, MF 10 0 (0) 2012-2013
6%
318 Christian Mathenia GK 93 0 (0) 2015-2019
6%
382 Christian Wetklo GK 79 0 (0) 2010-2014
6%
495 Christoph Janker DF 61 0 (1) 2011-2012, 2013-2019
6%
664 Cléber DF 40 2 (0) 2014-2017
6%
1242 Collin Benjamin DF, MF 8 0 (0) 2010-2011
6%
407 Cristian Molinaro DF, MF 76 0 (6) 2010-2014
6%
1366 DaMarcus Beasley DF, FW 4 0 (0) 2010-2011
6%
1552 Daniel Batz GK 1 0 (0) 2011-2012
6%
793 Daniel Davari GK 29 0 (0) 2013-2014
6%
1012 Danny Blum MF, FW 17 2 (1) 2016-2019
6%
561 Danny Williams DF, MF 53 1 (1) 2010-2013
6%
1414 David Otto MF, FW 3 0 (0) 2018-2019
6%
1466 Devante Parker MF 2 0 (0) 2014-2016
6%
276 Dominic Maroh DF 106 4 (1) 2010-2011, 2014-2018
6%
625 Eduard Löwen MF, FW 45 5 (3) 2018-2020
6%
655 Elvis Rexhbeçaj MF, FW 41 2 (5) 2017-2020
6%
1417 Emile Smith Rowe MF, FW 3 0 (0) 2018-2019
6%
816 Fabian Boll MF 28 3 (1) 2010-2011
6%
639 Fabian Giefer GK 43 0 (0) 2010-2012, 2014-2015, 2018-2019
6%
511 Fallou Diagne DF 59 2 (1) 2011-2013, 2016-2017
6%
1141 Faryd Mondragón GK 12 0 (0) 2010-2011
6%
517 Felix Bastians DF, MF 58 0 (5) 2010-2012
6%
512 Florian Dick DF 59 3 (2) 2010-2012
6%
980 Florian Heller MF, FW 19 1 (0) 2010-2011
6%
777 Frank Rost GK 30 0 (0) 2010-2011
6%
288 Hajime Hosogai DF, MF 102 3 (2) 2011-2015
6%
328 Hanno Balitsch MF 91 5 (2) 2010-2014
6%
694 Heiko Butscher DF 36 1 (2) 2010-2013
6%
234 Hiroshi Kiyotake MF, FW 117 17 (30) 2012-2016
6%
1193 Iago DF, MF 10 1 (1) 2019-2020
6%
1577 Ilay Elmkies MF 1 0 (0) 2019-2020
6%
552 Immanuel Höhn DF 54 1 (0) 2011-2014, 2016-2017
6%
835 Jacques Zoua FW 27 2 (2) 2013-2014
6%
434 Jairo Samperio MF, FW 72 11 (8) 2014-2018
6%
228 Janik Haberer MF, FW 118 9 (13) 2016-2020
6%
429 Jan Polák MF 73 2 (2) 2010-2014
6%
225 Jan Rosenthal MF, FW 120 13 (3) 2010-2013, 2015-2017
6%
518 Jean-Paul Boëtius MF, FW 58 8 (12) 2018-2020
6%
878 Jesús Vallejo DF 25 1 (0) 2016-2017
6%
1065 Jiloan Hamad MF 15 1 (0) 2013-2016
6%
1337 João Pereira DF, MF 5 0 (0) 2014-2015
6%
278 Johannes Flum MF 106 9 (8) 2010-2016
6%
1429 Jonas Föhrenbach DF 3 0 (0) 2016-2017
6%
836 Jonas Lössl GK 27 0 (0) 2016-2017
6%
568 Jonathan de Guzmán MF 52 3 (10) 2017-2020
6%
1145 Jonathan Jäger FW 12 0 (0) 2010-2011
6%
859 Jonathan Pitroipa MF, FW 26 2 (6) 2010-2011
6%
1198 Julian Pollersbeck GK 10 0 (0) 2017-2018
6%
483 Karim Rekik DF 64 3 (2) 2017-2020
6%
714 Ken Reichel DF, MF 34 1 (1) 2013-2014, 2019-2020
6%
685 Khalid Boulahrouz DF 37 2 (4) 2010-2012
6%
1117 Kingsley Schindler DF, MF, FW 13 0 (2) 2019-2020
6%
781 Knowledge Musona MF, FW 30 0 (2) 2011-2013
6%
821 Leopold Zingerle GK 28 0 (0) 2019-2020
6%
620 Levan Kobiashvili DF, MF 46 3 (2) 2011-2012, 2013-2014
6%
945 Linton Maina MF, FW 21 1 (4) 2017-2019
6%
965 Lorenzo Davids MF 20 0 (0) 2011-2012
6%
380 Luca Caldirola DF 80 1 (2) 2013-2018
6%
1493 Lucas Ribeiro MF 2 1 (0) 2019-2020
6%
1495 Lukas Jäger MF, FW 2 0 (0) 2018-2019
6%
782 Maik Franz DF 30 0 (0) 2010-2012
6%
299 Marcel Heller MF, FW 99 9 (9) 2010-2011, 2015-2018
6%
1343 Marjan Petković GK 5 0 (0) 2013-2014
6%
1221 Markus Schubert GK 9 0 (0) 2019-2020
6%
308 Martin Lanig MF 96 6 (4) 2010-2015
6%
1344 Mateu Morey DF, MF 5 0 (1) 2019-2020
6%
989 Matheus Pereira MF, FW 19 3 (2) 2018-2019
6%
1386 Mats Møller Dæhli MF, FW 4 0 (0) 2014-2015, 2016-2017
6%
1225 Matthias Jaissle DF 9 0 (0) 2010-2011
6%
651 Matthieu Delpierre DF 42 2 (2) 2010-2013
6%
838 Maximilian Nicu DF, MF 27 0 (2) 2010-2012
6%
839 Mikaël Silvestre DF 27 1 (1) 2010-2012
6%
1620 Miloš Pantović MF, FW 1 0 (0) 2015-2016
6%
1123 Miroslav Karhan MF 13 0 (1) 2010-2011
6%
879 Mohamed Amsif GK 25 0 (0) 2011-2014
6%
726 Mohammadou Idrissou FW 33 5 (4) 2010-2011
6%
635 Moritz Hartmann FW 44 13 (1) 2015-2017
6%
1622 Moritz Nicolas GK 1 0 (0) 2019-2020
6%
1348 Nick Woltemade MF, FW 5 0 (0) 2019-2020
6%
1632 Nikola Petković DF 1 0 (0) 2010-2011
6%
1633 Nikolas Nartey DF, MF 1 0 (0) 2017-2018
6%
825 Oka Nikolov GK 28 0 (0) 2010-2011, 2012-2013
6%
801 Omar Elabdellaoui DF, MF 29 1 (2) 2013-2014
6%
1008 Ørjan Nyland GK 18 0 (0) 2015-2017
6%
285 Pablo de Blasis MF, FW 103 15 (13) 2014-2019
6%
368 Pavel Krmaš DF, MF 83 4 (1) 2010-2015
6%
548 Pedro Geromel DF 55 2 (0) 2010-2012
6%
432 Per Nilsson DF 73 10 (0) 2010-2014
6%
469 Petr Jiráček MF 66 4 (2) 2011-2015
6%
1352 Philipp Degen DF, FW 5 0 (0) 2010-2011
6%
743 Philipp Tschauner GK 32 0 (0) 2017-2019
6%
1258 Prince Tagoe FW 8 0 (0) 2010-2012
6%
785 Przemysław Tytoń GK 30 0 (0) 2015-2016
6%
1009 Rick van Drongelen DF 18 0 (0) 2017-2018
6%
766 Robert Skov DF, MF, FW 31 4 (7) 2019-2020
6%
501 Robert Tesche MF 61 2 (1) 2010-2014
6%
311 Robin Quaison MF, FW 95 25 (6) 2016-2020
6%
1443 Robin Szarka DF 3 0 (0) 2012-2014
6%
515 Roger MF 59 2 (1) 2015-2017
6%
622 Ryan Babel MF, FW 46 5 (2) 2010-2012
6%
484 Santiago Ascacíbar MF 64 0 (2) 2017-2020
6%
506 Sebastian Mielitz GK 60 0 (0) 2010-2014
6%
485 Sebastian Polter FW 64 9 (3) 2011-2013, 2019-2020
6%
744 Sebastian Vasiliadis MF 32 1 (1) 2019-2020
6%
688 Shawn Parker FW 37 4 (3) 2012-2014, 2017-2018
6%
731 Simon Jentzsch GK 33 0 (0) 2011-2013
6%
529 Slobodan Medojević MF 57 1 (1) 2012-2015, 2017-2018
6%
530 Slobodan Rajković DF 57 3 (1) 2011-2016
6%
1235 Sotirios Kyrgiakos DF 9 0 (0) 2011-2013
6%
441 Stefan Reisinger FW 71 14 (4) 2010-2013
6%
972 Stephan Lichtsteiner DF, MF 20 0 (1) 2019-2020
6%
418 Takashi Inui MF, FW 75 7 (9) 2012-2016
6%
868 Tim Hoogland DF, MF 26 0 (0) 2011-2014
6%
1400 Timo Schultz MF 4 0 (0) 2010-2011
6%
1356 Tim Rieder DF, MF 5 0 (0) 2016-2017
6%
143 Tobias Strobl DF, MF 152 1 (9) 2011-2012, 2013-2020
6%
396 Tolgay Arslan MF 78 2 (4) 2011-2015
6%
347 Tomás Rincón MF 88 0 (0) 2010-2014
6%
558 Torsten Oehrl FW 54 7 (3) 2011-2014
6%
1237 Uwe Möhrle DF 9 0 (0) 2011-2012
6%
1292 Vedran Ćorluka DF 7 0 (0) 2011-2012
6%
1205 Viktor Fischer MF, FW 10 0 (0) 2017-2018
6%
451 William DF, FW 69 3 (4) 2017-2020
6%
1452 Yannik Keitel DF, MF 3 0 (0) 2019-2020
6%
1668 Ylli Sallahi DF 1 0 (0) 2013-2014
6%
371 Adam Hloušek DF, FW 81 4 (4) 2010-2011, 2013-2016
3%
637 Adam Matuszczyk MF 43 2 (2) 2010-2011, 2014-2015
3%
1081 Adam Zreľák FW 14 2 (1) 2018-2019
3%
930 Adil Chihi MF, FW 21 3 (2) 2010-2012
3%
675 Ahmed Kutucu MF, FW 38 5 (2) 2018-2020
3%
996 Alban Meha MF 18 3 (0) 2014-2015
3%
1327 Aleksandar Stevanović MF 5 0 (0) 2011-2013
3%
1296 Alen Halilović MF, FW 6 0 (0) 2016-2017
3%
732 Alexander Bugera DF 32 1 (1) 2010-2012
3%
1533 Alexander Stolz GK 1 0 (0) 2013-2014
3%
1240 Alexandru Ioniță FW 8 0 (0) 2010-2011
3%
653 Álex Gálvez DF, MF 41 2 (1) 2014-2016
3%
1032 Allan Saint-Maximin MF, FW 16 1 (0) 2015-2016
3%
643 Anastasios Donis MF, FW 42 7 (4) 2017-2019
3%
931 Andre Mijatović DF 21 1 (0) 2011-2012
3%
327 Änis Ben-Hatira MF 91 15 (10) 2010-2011, 2013-2017
3%
1135 Anthony Annan MF 12 0 (0) 2010-2011, 2013-2014
3%
1035 Artem Fedetskyi DF 16 0 (0) 2016-2017
3%
301 Artur Sobiech FW 98 18 (3) 2011-2016
3%
504 Aytaç Sulu DF 60 9 (0) 2015-2017
3%
1186 Bård Finne MF, FW 10 1 (0) 2014-2015
3%
663 Bernardo DF, MF 40 1 (2) 2016-2018
3%
1106 Breno Borges DF 13 0 (0) 2010-2011
3%
855 Carlos Salcedo DF 26 0 (0) 2017-2019
3%
1107 Carsten Rothenbach DF 13 0 (0) 2010-2011
3%
676 Chadrac Akolo MF, FW 38 5 (1) 2017-2019
3%
887 Charles Takyi MF 24 4 (2) 2010-2011
3%
711 Christopher Antwi-Adjei MF, FW 34 1 (2) 2019-2020
3%
1086 Damir Vrančić MF 14 0 (0) 2013-2014
3%
270 Daniel Ginczek MF, FW 107 29 (7) 2013-2015, 2017-2020
3%
1189 Daniel Haas GK 10 0 (0) 2010-2012
3%
1555 Dario Krešić GK 1 0 (0) 2015-2016
3%
584 Dario Lezcano MF, FW 50 8 (4) 2015-2017
3%
1367 David Kinsombi DF, MF 4 0 (0) 2014-2016
3%
1557 David Yelldell GK 1 0 (0) 2015-2016
3%
815 Dedryck Boyata DF 28 4 (1) 2019-2020
3%
1370 Denis Streker MF 4 0 (0) 2012-2013
3%
1371 Denis Thomalla MF, FW 4 0 (0) 2010-2011
3%
955 Deniz Naki FW 20 1 (0) 2010-2011
3%
1014 Dennis Srbeny MF, FW 17 5 (1) 2019-2020
3%
1561 Dimitar Rangelov MF, FW 1 0 (0) 2010-2011
3%
773 Domi Kumbela FW 30 9 (2) 2013-2014
3%
977 Dominik Stroh-Engel FW 19 0 (1) 2015-2017
3%
1213 Donis Avdijaj MF, FW 9 2 (0) 2016-2017
3%
978 Dorge Kouemaha FW 19 2 (1) 2011-2013
3%
1273 Dženis Burnić MF 7 0 (0) 2016-2018
3%
287 Edgar Prib MF 102 6 (13) 2012-2015, 2018-2019
3%
1061 Enrico Valentini DF 15 0 (2) 2018-2019
3%
672 Erik Jendrišek MF, FW 39 2 (5) 2010-2013
3%
774 Erwin Hoffer FW 30 6 (1) 2010-2011, 2012-2013
3%
597 Fabian Holland DF, MF 48 0 (0) 2011-2012, 2013-2014, 2015-2017
3%
1566 Fabio Coltorti GK 1 0 (0) 2016-2017
3%
937 Fabrice Ehret DF, MF 21 0 (0) 2010-2011
3%
1468 Federico Barba DF 2 1 (0) 2015-2016
3%
617 Felipe DF 46 3 (0) 2012-2013, 2014-2015, 2017-2019
3%
1568 Finn Porath MF 1 0 (0) 2016-2017
3%
872 Florent Hadergjonaj DF, MF 25 1 (2) 2016-2017
3%
776 Florian Bruns MF 30 3 (1) 2010-2011
3%
374 Frederik Sørensen DF 81 2 (5) 2015-2018
3%
817 Gaëtan Bussmann DF 28 1 (2) 2015-2016, 2018-2019
3%
833 Georg Margreitter DF 27 2 (0) 2018-2019
3%
179 Georg Niedermeier DF 137 11 (5) 2010-2017
3%
752 Gibril Sankoh DF 31 0 (1) 2011-2013
3%
1044 Giovanni Sio MF, FW 16 0 (1) 2011-2014
3%
918 Gökhan Töre MF, FW 22 0 (5) 2011-2012
3%
1278 Guillermo Varela DF 7 0 (0) 2016-2017
3%
1279 Haji Wright FW 7 1 (0) 2018-2019
3%
1192 Hany Mukhtar MF, FW 10 0 (0) 2013-2014
3%
1474 Heinz Lindner GK 2 0 (0) 2016-2017
3%
1575 Hendrik Hansen DF 1 0 (0) 2016-2017
3%
819 Hendrik Weydandt FW 28 6 (1) 2018-2019
3%
1476 Ibrahim Sissoko FW 2 0 (0) 2011-2012
3%
1020 Ignacio Camacho DF, MF 17 0 (0) 2017-2019
3%
962 Ismail Jakobs DF, MF, FW 20 2 (2) 2019-2020
3%
907 Itay Shechter FW 23 3 (0) 2011-2012
3%
1479 Ivica Banović MF 2 0 (0) 2010-2011
3%
678 Izet Hajrović MF, FW 38 2 (0) 2014-2015, 2016-2018
3%
1336 Jan-Philipp Kalla DF 5 0 (0) 2010-2011
3%
1142 Jan Thielmann DF, MF, FW 12 0 (1) 2019-2020
3%
668 Javairô Dilrosun MF, FW 40 6 (5) 2018-2020
3%
1247 Jean-Clair Todibo DF 8 0 (0) 2019-2020
3%
352 Jean-Philippe Gbamin DF, MF 86 3 (4) 2016-2019
3%
129 Jens Hegeler DF, MF 156 8 (8) 2010-2017
3%
1581 Jeong Woo-yeong MF, FW 1 0 (0) 2018-2019
3%
1425 Jeremy Dudziak DF, MF, FW 3 0 (1) 2014-2015
3%
253 Jérôme Gondorf MF, FW 110 9 (11) 2015-2020
3%
877 Jerry St. Juste DF, MF 25 2 (2) 2019-2020
3%
795 Jimmy Briand MF, FW 29 3 (6) 2014-2015
3%
1066 Jiří Bílek DF, MF 15 0 (0) 2010-2011
3%
1426 Joe Gyau DF, FW 3 0 (0) 2013-2015
3%
1582 Jonas Carls FW 1 0 (0) 2018-2019
3%
1584 Jonas Meffert MF 1 0 (0) 2016-2017
3%
919 Jonathas FW 22 6 (4) 2017-2019
3%
1146 Jordan Beyer DF 12 0 (0) 2018-2020
3%
1090 Joshua Brenet DF 14 2 (1) 2018-2019
3%
1485 Joshua King MF, FW 2 0 (0) 2011-2012
3%
1147 Julian Derstroff MF, FW 12 1 (0) 2011-2012
3%
1589 Julio Villalba DF 1 0 (0) 2017-2018
3%
861 Juri Judt DF, MF 26 0 (0) 2010-2012
3%
648 Karim Matmour MF, FW 42 1 (1) 2010-2011, 2012-2013
3%
1340 Karim Ziani MF 5 0 (0) 2010-2011
3%
862 Kasim Nuhu DF 26 1 (1) 2018-2020
3%
1592 Keanan Bennetts DF, MF, FW 1 0 (0) 2019-2020
3%
837 Ken Ilsø MF, FW 27 2 (1) 2012-2013
3%
1092 Kevin Kratz MF 14 1 (0) 2013-2014
3%
738 Kevin McKenna DF, FW 32 2 (0) 2010-2012
3%
755 Kevin Pezzoni DF, MF 31 1 (1) 2010-2012
3%
1594 Kilian Jakob FW 1 0 (0) 2017-2018
3%
1070 Krzysztof Piątek FW 15 4 (1) 2019-2020
3%
944 Landry Dimata FW 21 0 (1) 2017-2018
3%
705 Lasse Sobiech DF, MF 35 3 (0) 2012-2013, 2019-2020
3%
1171 Lennart Thy MF, FW 11 1 (0) 2010-2011, 2016-2017
3%
650 Leon Jessen DF, MF 42 1 (2) 2010-2012
3%
1342 Levent Mercan MF, FW 5 0 (0) 2019-2020
3%
1492 Luca-Milan Zander DF, MF 2 0 (0) 2015-2016
3%
1494 Luis Advíncula DF, MF 2 0 (0) 2012-2013
3%
537 Lukas Hinterseer MF, FW 56 9 (1) 2015-2017
3%
497 Lukas Klünter DF, MF, FW 61 2 (3) 2015-2020
3%
1496 Lukas Raeder GK 2 0 (0) 2013-2014
3%
1498 Mamadou Doucouré MF 2 0 (0) 2019-2020
3%
1499 Marcel Meeuwis MF 2 0 (0) 2010-2011
3%
1119 Marcelo Saracchi DF 13 1 (1) 2018-2020
3%
141 Marcel Risse DF, MF, FW 153 14 (25) 2010-2012, 2014-2017, 2019-2020
3%
449 Marcel Tisserand DF 69 2 (3) 2016-2020
3%
466 Marc-Oliver Kempf DF 66 4 (1) 2012-2014, 2016-2019
3%
1608 Marcos Antônio DF 1 0 (0) 2012-2013
3%
1383 Marco Stiepermann MF, FW 4 0 (0) 2010-2011
3%
394 Marc Stendera MF 78 5 (7) 2012-2019
3%
759 Marc Torrejón DF 31 0 (0) 2014-2015, 2016-2017
3%
588 Mario Eggimann DF 50 1 (1) 2010-2013
3%
415 Mario Vrančić MF 75 8 (4) 2014-2017
3%
761 Marius Ebbers FW 31 3 (1) 2010-2011
3%
1283 Marko Pjaca MF, FW 7 2 (0) 2017-2018
3%
1175 Markus Steinhöfer DF, MF 11 0 (1) 2010-2011, 2016-2017
3%
1222 Marlon Frey MF 9 0 (0) 2015-2016
3%
909 Martin Hansen GK 23 0 (0) 2016-2017
3%
1252 Martin Kobylański MF, FW 8 0 (0) 2013-2014
3%
1613 Massimo Bruno MF, FW 1 0 (0) 2016-2017
3%
658 Mathias Abel DF 41 2 (0) 2010-2012
3%
1224 Mathias Jørgensen DF 9 0 (1) 2019-2020
3%
1615 Mathias Schober GK 1 0 (0) 2011-2012
3%
499 Mato Jajalo MF 61 5 (5) 2010-2012
3%
1387 Mattia Maggio FW 4 0 (0) 2013-2014
3%
783 Max Christiansen MF 30 0 (1) 2015-2017
3%
627 Maximilian Beister MF, FW 45 8 (5) 2012-2016
3%
355 Mensur Mujdža DF, MF 86 1 (2) 2010-2015
3%
486 Michael Esser GK 63 0 (0) 2016-2019
3%
1617 Michael Hefele DF 1 0 (0) 2012-2013
3%
946 Michael Heinloth DF 21 0 (1) 2014-2015
3%
1097 Michel Bastos DF, MF 14 4 (1) 2012-2013
3%
367 Miiko Albornoz DF, MF 83 1 (7) 2014-2015, 2017-2019
3%
491 Milan Badelj MF 62 2 (7) 2012-2015
3%
725 Mirko Boland MF 33 1 (5) 2013-2014
3%
1621 Mitsuru Maruoka MF 1 0 (0) 2014-2015
3%
1152 Mohamed Gouaida MF 12 0 (0) 2014-2015, 2017-2018
3%
1433 Muhamed Bešić DF, MF 3 0 (0) 2010-2011
3%
1289 Nabil Bahoui MF, FW 7 0 (0) 2015-2017
3%
1005 Nassim Boujellab MF, FW 18 0 (1) 2018-2020
3%
1075 Nicolai Jørgensen MF, FW 15 0 (2) 2010-2012
3%
824 Niki Zimling MF 28 2 (2) 2012-2014
3%
1006 Noah Katterbach DF, MF 18 0 (0) 2019-2020
3%
800 Norman Theuerkauf DF, MF 29 0 (2) 2013-2014
3%
538 Ohis Felix Uduokhai DF 56 1 (0) 2017-2020
3%
840 Olcay Şahan MF, FW 27 1 (2) 2011-2012
3%
659 Oliver Barth DF 41 2 (0) 2010-2012
3%
1007 Olivier Occéan MF, FW 18 1 (1) 2012-2013
3%
727 Ondřej Petrák MF 33 0 (0) 2013-2014, 2018-2019
3%
1256 Pablo Maffeo DF, MF 8 0 (0) 2018-2019
3%
1389 Pascal Bieler DF 4 0 (0) 2010-2011
3%
478 Pascal Stenzel DF, MF 65 2 (3) 2016-2019
3%
865 Patrick Ebert MF, FW 26 0 (3) 2011-2012
3%
1642 Patrick Pflücke MF, FW 1 0 (0) 2014-2015
3%
1439 Paul Jaeckel DF 3 0 (0) 2017-2018
3%
1390 Paul Scharner DF, MF 4 0 (0) 2012-2013
3%
866 Paul Seguin DF, MF 26 1 (1) 2015-2017
3%
1027 Pavao Pervan GK 17 0 (0) 2018-2020
3%
479 Paweł Olkowski DF, MF 65 2 (3) 2014-2018
3%
243 Peter Niemeyer DF, MF 114 6 (0) 2011-2012, 2013-2017
3%
1510 Philipp Klement MF, FW 2 0 (0) 2015-2016
3%
1232 Philipp Zulechner FW 9 1 (0) 2013-2015
3%
802 Pierre Bengtsson DF, MF 29 0 (1) 2014-2016
3%
1441 Predrag Stevanović MF 3 0 (0) 2010-2011
3%
589 Radoslav Zabavník DF, MF 50 0 (3) 2010-2013
3%
867 Rafael Czichos DF 26 1 (1) 2019-2020
3%
971 Ralph Gunesch DF 20 0 (1) 2010-2011
3%
687 Raphael Framberger DF 37 0 (2) 2016-2020
3%
696 Raphael Holzhauser MF, FW 36 0 (3) 2011-2014
3%
728 Richard Sukuta-Pasu FW 33 1 (2) 2010-2012
3%
1646 Robert Almer GK 1 0 (0) 2012-2013
3%
603 Rodnei DF 48 3 (1) 2010-2012
3%
848 Roman Hubník DF 27 2 (0) 2011-2012
3%
1512 Romeo Castelen MF, FW 2 0 (0) 2011-2012
3%
1233 Ronny Marcos DF, MF 9 0 (0) 2014-2015
3%
1647 Russell Canouse MF 1 0 (0) 2015-2016
3%
1202 Sambou Yatabaré MF 10 1 (1) 2015-2017
3%
1079 Sargis Adamyan MF, FW 15 5 (1) 2019-2020
3%
1395 Sascha Burchert GK 4 0 (0) 2011-2012, 2014-2015
3%
455 Sebastian Freis MF, FW 68 7 (5) 2010-2015
3%
1515 Sebastian Neumann DF 2 0 (0) 2011-2012
3%
710 Simon Falette DF 35 1 (0) 2017-2020
3%
502 Sławomir Peszko MF 61 2 (9) 2010-2011, 2014-2015
3%
719 Stefan Lex MF, FW 34 2 (0) 2015-2017
3%
611 Stefano Celozzi DF 47 0 (3) 2010-2014
3%
1261 Stefan Thesker DF, MF 8 0 (0) 2012-2015
3%
1656 Stephan Ambrosius DF 1 0 (0) 2017-2018
3%
788 Stephan Fürstner MF 30 1 (0) 2012-2013
3%
926 Stephan Schröck DF, MF 22 0 (0) 2012-2014
3%
900 Streli Mamba FW 24 5 (2) 2019-2020
3%
1321 Suleiman Abdullahi MF, FW 6 1 (0) 2019-2020
3%
661 Thomas Kessler GK 41 0 (0) 2010-2011, 2014-2017
3%
927 Thomas Kleine DF 22 0 (0) 2012-2013
3%
442 Thorben Marx MF 71 3 (3) 2010-2014
3%
1236 Thorsten Kirschbaum GK 9 0 (0) 2013-2015
3%
1182 Tim Handwerker DF, MF 11 0 (1) 2017-2018
3%
745 Tim Leibold DF 32 0 (2) 2018-2019
3%
1357 Timo Hübers DF 5 0 (1) 2017-2018
3%
462 Tobias Levels DF 67 1 (4) 2010-2011, 2012-2013, 2015-2017
3%
341 Tomáš Pekhart FW 89 14 (6) 2011-2013, 2015-2016
3%
1665 Tom Krauß MF 1 0 (0) 2019-2020
3%
1524 Tom Mickel GK 2 0 (0) 2015-2017
3%
951 Tom Trybull DF, MF 21 1 (2) 2011-2014
3%
1129 Toni Leistner DF 13 0 (0) 2019-2020
3%
1029 Törles Knöll MF, FW 17 1 (0) 2017-2019
3%
1325 Václav Pilař MF, FW 6 0 (0) 2013-2014
3%
1526 Valmir Nafiu MF, FW 2 0 (0) 2014-2015
3%
1238 Valmir Sulejmani MF, FW 9 0 (1) 2013-2014, 2015-2016
3%
928 Valon Behrami DF, MF 22 0 (0) 2014-2015
3%
1239 Ville Matti Steinmann MF 9 0 (0) 2014-2015, 2017-2018
3%
1132 Vladlen Yurchenko MF 13 1 (0) 2014-2017
3%
564 Walace MF 53 3 (3) 2016-2019
3%
870 Wesley MF 26 2 (2) 2010-2012
3%
458 William Kvist MF 68 0 (2) 2011-2014
3%
1133 Wilson Kamavuaka DF, MF 13 0 (0) 2011-2012, 2016-2017
3%
1030 Wolfgang Hesl GK 17 0 (0) 2012-2013
3%
748 Yacine Abdessadki MF 32 0 (0) 2010-2012
3%
1359 Yvon Mvogo GK 5 0 (0) 2017-2020
3%
326 Zdeněk Pospěch DF 92 1 (10) 2011-2014
3%
591 Zoltán Stieber MF, FW 50 6 (4) 2011-2012, 2014-2016
3%
1294 Aaron Seydel FW 6 1 (0) 2016-2017
0%
1529 Abass Issah FW 1 0 (0) 2018-2019
0%
885 Abdelhamid Sabiri MF, FW 24 4 (1) 2019-2020
0%
1360 Adrian Nikçi MF 4 1 (0) 2012-2013
0%
1531 Ahmet Gürleyen DF 1 0 (0) 2018-2019
0%
1053 Akaki Gogia MF, FW 15 0 (1) 2011-2012, 2019-2020
0%
952 Albert Bunjaku FW 20 1 (1) 2010-2012
0%
1532 Albian Ajeti FW 1 0 (0) 2015-2016
0%
1159 Aleksandar Vasoski DF 11 0 (0) 2010-2011
0%
807 Alexander Milošević DF, MF 28 0 (0) 2015-2017
0%
1207 Alexander Stephan GK 9 0 (0) 2010-2012
0%
1534 Alfonso MF 1 0 (0) 2018-2019
0%
975 Allan MF 19 0 (0) 2016-2017, 2018-2019
0%
1054 Ammar Jemal DF 15 1 (0) 2011-2012
0%
1536 Anas Ouahim MF, FW 1 0 (0) 2017-2018
0%
1362 Anderson Ordóñez DF 4 0 (0) 2016-2017
0%
1539 Andreas Hirzel GK 1 0 (0) 2015-2016
0%
1537 André Fomitschow DF 1 0 (0) 2012-2013
0%
1134 Andrew Sinkala MF 12 0 (1) 2011-2012
0%
1265 Andrew Wooten MF, FW 7 1 (0) 2011-2012
0%
1055 Andrezinho DF 15 0 (0) 2010-2012
0%
1160 Antar Yahia DF 11 0 (0) 2011-2012
0%
1540 Anto Grgić MF 1 0 (0) 2017-2018
0%
810 Antonio Čolak FW 28 4 (1) 2013-2014, 2016-2017
0%
1454 Antonis Aidonis DF 2 0 (0) 2018-2019
0%
613 Anton Putsila MF 46 0 (3) 2010-2013
0%
1404 Arianit Ferati DF, MF 3 0 (1) 2015-2016
0%
1136 Ariel Borysiuk MF 12 0 (0) 2011-2012
0%
1057 Artem Kravets FW 15 1 (2) 2015-2016
0%
381 Assani Lukimya-Mulongoti DF 79 3 (2) 2012-2016
0%
1541 Aykut Özer GK 1 0 (0) 2012-2013
0%
1405 Babacar Guèye FW 3 0 (0) 2019-2020
0%
1406 Barış Atik MF, FW 3 0 (0) 2016-2017
0%
1266 Bartosz Kapustka MF, FW 7 1 (0) 2017-2018
0%
1544 Batuhan Altıntaş FW 1 0 (0) 2015-2016
0%
1455 Baye Djiby Fall FW 2 0 (0) 2012-2013
0%
1298 Beg Ferati DF 6 0 (0) 2011-2012
0%
1330 Benedikt Pliquett GK 5 0 (0) 2010-2011
0%
1408 Benedikt Röcker DF 3 0 (0) 2012-2014
0%
1037 Benedikt Saller DF, MF 16 2 (0) 2012-2014
0%
1187 Benjamin Goller MF, FW 10 0 (0) 2019-2020
0%
1331 Benjamin Gorka DF 5 0 (0) 2015-2017
0%
1409 Benjamin Hadžić MF, FW 3 0 (1) 2018-2019
0%
953 Benjamin Kessel DF 20 2 (1) 2013-2014
0%
812 Ben Zolinski MF, FW 28 3 (2) 2019-2020
0%
1105 Berkay Dabanlı DF 13 0 (0) 2012-2014
0%
1162 Bernard Tekpetey MF, FW 11 0 (1) 2016-2017, 2019-2020
0%
854 Bernd Nehrig DF, FW 26 1 (1) 2012-2013
0%
1208 Birger Verstraete MF 9 0 (1) 2019-2020
0%
1456 Birk Risa FW 2 0 (0) 2017-2018
0%
1299 Bjarne Thoelke DF 6 0 (0) 2011-2012
0%
1163 Bojan Krkić MF, FW 11 1 (0) 2016-2017
0%
976 Borja Mayoral FW 19 2 (0) 2016-2017
0%
1209 Borys Tashchy MF, FW 9 0 (0) 2015-2016
0%
1267 Brandon Borrello MF, FW 7 0 (0) 2019-2020
0%
1083 Bruno Henrique MF, FW 14 0 (1) 2015-2017
0%
1300 Caleb Stanko DF 6 0 (0) 2017-2018
0%
1241 Carlitos MF, FW 8 0 (0) 2010-2012
0%
1545 Carlos Ascues DF, MF 1 0 (0) 2015-2016
0%
1210 Cedric Teuchert MF, FW 9 0 (0) 2017-2019
0%
749 Ceyhun Gülselam DF, MF 31 1 (1) 2014-2016
0%
1301 Chadli Amri MF, FW 6 0 (0) 2010-2011
0%
1546 Charles-Elie Laprevotte MF 1 0 (0) 2013-2014
0%
1038 Charlison Benschop FW 16 2 (0) 2015-2016, 2017-2018
0%
1458 Chima Okoroji DF, MF 2 0 (0) 2018-2019
0%
545 Christian Eigler FW 55 9 (4) 2010-2012
0%
1549 Christoph Daferner FW 1 0 (0) 2018-2019
0%
1269 Christopher Avevor DF, MF 7 0 (0) 2010-2011, 2013-2014
0%
1460 Christopher Buchtmann DF, MF 2 0 (0) 2011-2012
0%
1550 Christopher Jullien DF 1 0 (0) 2014-2015
0%
1365 Christopher Schorch DF 4 0 (0) 2010-2011
0%
1411 Christoph Hemlein MF, FW 3 0 (0) 2011-2012
0%
1461 Ciprian Deac MF, FW 2 0 (0) 2010-2011
0%
1011 Clemens Walch MF 17 0 (0) 2010-2012
0%
1212 Coke DF, MF 9 1 (0) 2016-2018
0%
1551 Daishawn Redan MF, FW 1 0 (0) 2019-2020
0%
1059 Daniel Brinkmann MF 15 1 (2) 2011-2012
0%
903 Daniel Brückner DF, MF 23 0 (1) 2014-2015
0%
917 Daniel Halfar MF 22 0 (1) 2014-2015
0%
934 Daniel Opare DF, MF 21 0 (0) 2015-2016, 2017-2018
0%
1412 Daniel Royer MF, FW 3 0 (0) 2011-2012
0%
1462 Daniel Sereinig DF 2 0 (0) 2010-2011
0%
1413 Danilo Avelar DF, MF 3 0 (0) 2010-2011
0%
614 Dani Schahin FW 46 8 (0) 2012-2015
0%
1332 Dario Vidošić MF, FW 5 0 (0) 2010-2011
0%
1556 Darko Churlinov DF, MF 1 0 (0) 2019-2020
0%
1558 Davidson Eden DF 1 0 (0) 2010-2011
0%
1369 Dejan Joveljić FW 4 0 (0) 2019-2020
0%
904 Deniz Doğan DF 23 0 (0) 2013-2014
0%
1333 Deniz Kadah MF, FW 5 0 (0) 2012-2014
0%
1271 Denni Avdić MF, FW 7 0 (0) 2010-2011
0%
1560 Dennis Borkowski MF, FW 1 0 (0) 2019-2020
0%
1111 Dennis Daube MF 13 0 (0) 2010-2011
0%
1165 Dennis Jastrzembski DF, MF, FW 11 0 (0) 2018-2020
0%
1060 Dennis Kruppke MF, FW 15 0 (0) 2013-2014
0%
1465 Dennis Smarsch GK 2 0 (0) 2019-2020
0%
1372 Denys Oliynyk MF, FW 4 1 (0) 2016-2017
0%
1373 Derrick Luckassen DF, MF 4 0 (0) 2018-2019
0%
1243 Deyverson FW 8 1 (0) 2014-2015
0%
1272 Dieumerci Mbokani FW 7 0 (0) 2010-2011
0%
1334 Duncan FW 5 2 (0) 2010-2011
0%
857 Dušan Švento DF, MF 26 1 (0) 2014-2016
0%
1563 Ebenezer Ofori MF 1 0 (0) 2017-2018
0%
1415 Edgar Salli MF, FW 3 0 (0) 2018-2019
0%
1302 Edmond Kapllani MF, FW 6 1 (0) 2011-2012
0%
1416 Élson MF 3 0 (0) 2010-2011
0%
1088 Emil Berggreen FW 14 4 (2) 2017-2018
0%
358 Emiliano Insúa DF 85 2 (5) 2015-2016, 2017-2019
0%
1564 Eugen Gopko DF, MF 1 0 (0) 2010-2011
0%
999 Ewerton DF 18 0 (0) 2018-2019
0%
1467 Ezequiel Calvente MF, FW 2 0 (0) 2012-2013
0%
1112 Fabian Bredlow GK 13 0 (0) 2018-2019
0%
1274 Fabio Morena DF 7 0 (0) 2010-2011
0%
858 Fagner DF 26 0 (1) 2012-2013
0%
1244 Fanol Perdedaj DF, MF 8 0 (0) 2011-2012
0%
1089 Federico Macheda FW 14 0 (0) 2012-2013
0%
1374 Ferhan Hasani MF 4 0 (0) 2012-2013
0%
1166 Filip Đuričić MF, FW 11 0 (0) 2014-2015
0%
1567 Filip Kusić DF, MF 1 0 (0) 2017-2018
0%
1040 Filip Mladenović DF, MF 16 0 (2) 2015-2017
0%
1017 Florent Muslija MF, FW 17 2 (0) 2018-2019
0%
1420 Florian Baak DF, MF 3 0 (0) 2016-2017, 2018-2019
0%
957 Florian Hartherz DF 20 0 (2) 2011-2012, 2014-2015
0%
702 Florian Jungwirth DF, MF 35 0 (1) 2015-2017
0%
873 Florian Kath MF, FW 25 1 (0) 2014-2015, 2017-2018
0%
1569 Florian Kohls MF 1 0 (0) 2015-2016
0%
1190 Florian Lechner DF 10 0 (0) 2010-2011
0%
1041 Florian Trinks MF 16 1 (0) 2010-2013
0%
1042 Francis Coquelin DF, MF 16 0 (1) 2013-2014
0%
1572 Francisco Rodríguez Araya MF 1 0 (0) 2015-2016
0%
1114 François Affolter DF 13 0 (0) 2011-2012
0%
1276 František Rajtoral DF, MF 7 0 (0) 2013-2014
0%
1470 Fynn Arkenberg DF 2 0 (0) 2015-2016
0%
1277 Genki Omae FW 7 0 (0) 2012-2013
0%
1573 George Timotheou DF 1 0 (0) 2018-2019
0%
874 Georgios Tzavellas DF 25 1 (2) 2010-2011
0%
834 Georg Teigl DF, MF, FW 27 0 (1) 2016-2017, 2018-2020
0%
1421 Gerrit Wegkamp FW 3 0 (0) 2012-2013
0%
1191 Gian-Luca Itter DF 10 0 (0) 2017-2020
0%
1471 Gianluca Korte MF, FW 2 0 (0) 2013-2014
0%
1472 Gil Vermouth MF 2 0 (0) 2011-2012
0%
939 György Garics DF, MF 21 0 (0) 2015-2016
0%
1214 Hamza Mendyl DF, FW 9 0 (0) 2018-2019
0%
1473 Hans Nunoo Sarpei DF, MF, FW 2 0 (0) 2018-2019
0%
1215 Hans Sarpei DF 9 0 (0) 2010-2011
0%
1304 Hao Junmin MF, FW 6 0 (0) 2010-2011
0%
1574 Haruna Babangida MF, FW 1 0 (0) 2010-2011
0%
1475 Hendrick Zuck DF, MF 2 0 (0) 2013-2014
0%
1422 Henning Hauger MF 3 0 (0) 2011-2012
0%
875 Henrique Sereno DF 25 0 (0) 2011-2012
0%
536 Hong Jeong-ho DF 56 2 (0) 2013-2016
0%
1305 Hotaru Yamaguchi MF 6 0 (0) 2015-2016
0%
1306 Idir Ouali MF, FW 6 0 (0) 2014-2015
0%
961 Ilir Azemi FW 20 1 (1) 2012-2013
0%
1195 Iliyan Mitsanski FW 10 1 (0) 2010-2011
0%
1477 Isaac Boakye FW 2 0 (0) 2010-2011
0%
1307 Isaac Kiese Thelin MF, FW 6 0 (0) 2018-2019
0%
1478 Ismail Azzaoui MF, FW 2 0 (0) 2015-2016
0%
1375 Ivan Paurević MF 4 0 (0) 2012-2013
0%
891 Ivan Santini FW 24 1 (2) 2011-2013
0%
684 Iver Fossum MF 37 1 (1) 2015-2016, 2017-2019
0%
1308 Jakub Świerczok FW 6 0 (0) 2011-2012
0%
876 Janek Sternberg DF, MF 25 0 (0) 2014-2017
0%
963 Jan Hochscheidt MF, FW 20 4 (1) 2013-2014
0%
1246 Jan Kliment MF, FW 8 1 (0) 2015-2016
0%
1579 Jan Luca Rumpf DF 1 0 (0) 2019-2020
0%
1480 Jan Washausen DF, MF 2 0 (0) 2013-2014
0%
1143 Jens Grahl GK 12 0 (0) 2013-2014, 2015-2016
0%
1047 Jens Langeneke DF, MF 16 2 (0) 2012-2013
0%
941 Jens Wemmer MF 21 1 (1) 2014-2015
0%
1424 Jens Wissing DF 3 0 (0) 2010-2011
0%
1481 Jerome Kiesewetter MF, FW 2 0 (0) 2014-2015
0%
1376 Jessic Ngankam MF, FW 4 0 (1) 2019-2020
0%
1427 Joel Gerezgiher MF 3 0 (0) 2015-2016
0%
1428 Johan Audel MF, FW 3 0 (0) 2010-2011
0%
393 Johannes van den Bergh DF, MF 78 0 (2) 2012-2016
0%
1482 Johannes Wurtz MF, FW 2 0 (0) 2012-2013
0%
1483 John Yeboah MF, FW 2 0 (0) 2018-2019
0%
1217 Jonas De Roeck DF 9 0 (0) 2011-2012
0%
1338 Jong Tae-se FW 5 0 (0) 2011-2012
0%
1196 José Campaña MF 10 1 (1) 2013-2014
0%
942 Joseph Akpala FW 21 1 (1) 2012-2013
0%
1585 José Pierre Vunguidica MF, FW 1 0 (0) 2010-2011
0%
1067 Joshua Mees MF, FW 15 0 (1) 2019-2020
0%
943 Josip Elez DF 21 0 (0) 2017-2019
0%
1587 Jozo Stanić MF 1 0 (0) 2018-2019
0%
1068 Juanan DF 15 0 (0) 2012-2013
0%
1168 Juan Miranda DF 11 0 (0) 2019-2020
0%
1588 Julian Dudda DF 1 0 (0) 2010-2011
0%
1377 Julian Günther-Schmidt MF, FW 4 0 (0) 2016-2017
0%
1219 Julian Wießmeier DF, FW 9 1 (0) 2010-2012
0%
860 Júnior Caiçara DF 26 0 (3) 2015-2017
0%
1169 Jürgen Locadia MF, FW 11 4 (0) 2019-2020
0%
1486 Justin Hoogma DF, MF 2 0 (0) 2018-2019
0%
1487 Justin Möbius MF 2 0 (0) 2016-2017
0%
893 Kai Herdling MF, FW 24 2 (3) 2013-2015
0%
754 Kai Pröger MF, FW 31 2 (6) 2019-2020
0%
1591 Kaylen Hinds FW 1 0 (0) 2017-2018
0%
1170 Kazuki Nagasawa MF 11 0 (0) 2014-2016
0%
1488 Kelvin Ofori MF 2 0 (0) 2019-2020
0%
1248 Kenan Kodro DF, FW 8 0 (0) 2017-2018
0%
1341 Kevin Goden DF, MF 5 0 (0) 2018-2019
0%
894 Kevin Möhwald MF 24 3 (1) 2018-2020
0%
1489 Khiry Shelton FW 2 0 (0) 2019-2020
0%
715 Kim Jin-su DF 34 0 (1) 2014-2016
0%
756 Kingsley Ehizibue DF, MF, FW 31 1 (1) 2019-2020
0%
1069 Kisho Yano FW 15 0 (0) 2010-2011
0%
820 Kostas Fortounis MF, FW 28 0 (4) 2011-2012
0%
908 Kwon Chang-hoon MF, FW 23 2 (0) 2019-2020
0%
1002 László Kleinheisler MF 18 1 (0) 2015-2017
0%
1430 Lazar Samardzic MF, FW 3 0 (0) 2019-2020
0%
1380 Leandro Putaro MF, FW 4 0 (0) 2015-2016
0%
1280 Leonardo Balerdi DF, MF 7 0 (0) 2019-2020
0%
1381 Leon Dajaku DF, MF, FW 4 0 (0) 2018-2020
0%
1003 Leon Guwara DF 18 0 (0) 2015-2017
0%
1118 Levent Ayçiçek MF 13 2 (0) 2013-2015
0%
1249 Lewis Baker MF 8 0 (0) 2019-2020
0%
1596 Lino Tempelmann MF 1 0 (0) 2019-2020
0%
1220 Louis Schaub MF, FW 9 1 (1) 2019-2020
0%
1072 Luca Kilian DF 15 0 (0) 2019-2020
0%
1599 Luca Plogmann GK 1 0 (0) 2018-2019
0%
921 Lucas Piazon MF, FW 22 2 (0) 2014-2015
0%
1073 Lucas Torró MF 15 0 (0) 2018-2020
0%
986 Luc Castaignos FW 19 4 (1) 2015-2016
0%
1597 Luc Ihorst FW 1 0 (0) 2019-2020
0%
1148 Ludovic Obraniak MF 12 1 (1) 2013-2015
0%
1149 Lukas Fröde DF, MF 12 0 (0) 2014-2017
0%
1600 Lukas Görtler MF, FW 1 0 (0) 2014-2015
0%
757 Lukas Mühl DF 31 1 (0) 2018-2019
0%
1601 Łukasz Załuska GK 1 0 (0) 2015-2016
0%
1172 Mahir Sağlık FW 11 1 (1) 2014-2015
0%
1602 Mamoudou Karamoko MF 1 0 (0) 2019-2020
0%
1603 Mandela Egbo DF, MF 1 0 (0) 2017-2018
0%
1605 Marcel Benger MF 1 0 (0) 2017-2018
0%
988 Marcel Correia DF 19 0 (1) 2013-2014
0%
1281 Marcel Eger DF 7 1 (0) 2010-2011
0%
1606 Marcel Hilßner MF 1 0 (0) 2015-2016
0%
572 Marcel Ndjeng MF 52 2 (3) 2011-2012, 2013-2015
0%
1607 Marcel Titsch-Rivero MF 1 0 (0) 2010-2011
0%
1604 Marc Lais MF 1 0 (0) 2012-2013
0%
1500 Marco Djuricin FW 2 0 (0) 2011-2012
0%
1094 Marco Sailer FW 14 1 (1) 2015-2016
0%
1074 Marc Pfitzner DF, MF 15 0 (0) 2013-2014
0%
1250 Marc Vucinovic MF 8 1 (0) 2014-2015
0%
1282 Marek Suchý DF 7 0 (0) 2019-2020
0%
1609 Marijan Ćavar MF 1 0 (0) 2017-2018
0%
1173 Marin Pongračić DF 11 2 (0) 2019-2020
0%
1120 Mario Gavranović FW 13 0 (0) 2010-2012
0%
1610 Marius Gersbeck GK 1 0 (0) 2013-2014
0%
1502 Marius Stankevičius DF, MF 2 0 (0) 2014-2015
0%
577 Marko Grujić MF 51 9 (2) 2018-2020
0%
1048 Markus Mendler MF, FW 16 0 (0) 2010-2013
0%
798 Markus Thorandt DF, MF 29 1 (0) 2010-2011
0%
1223 Marnon Busch DF, MF 9 1 (0) 2014-2015
0%
1095 Martin Angha DF 14 0 (0) 2013-2014
0%
896 Martin Fenin FW 24 1 (1) 2010-2011
0%
1122 Martin Latka DF 13 0 (0) 2012-2013
0%
1611 Martin Pieckenhagen GK 1 0 (0) 2010-2011
0%
1431 Mart Ristl MF 3 0 (0) 2015-2016
0%
1612 Marvin Wanitzek MF 1 0 (0) 2015-2016
0%
1614 Mathias Fetsch FW 1 0 (0) 2013-2014
0%
1284 Mathis Bolly MF, FW 7 2 (0) 2012-2013
0%
1616 Matthias Bader DF, MF 1 0 (0) 2019-2020
0%
1285 Maurice Hirsch MF 7 0 (0) 2014-2015
0%
1345 Maurice Multhaup MF 5 0 (0) 2015-2017
0%
1286 Mauro Camoranesi MF 7 0 (1) 2010-2011
0%
1432 Max Besuschkow MF 3 0 (0) 2016-2017
0%
1504 Melayro Bogarde DF, MF 2 0 (0) 2019-2020
0%
1096 Melvyn Lorenzen MF, FW 14 1 (0) 2013-2016
0%
1505 Meritan Shabani MF, FW 2 0 (0) 2017-2019
0%
1177 Mevlüt Erdinç FW 11 0 (1) 2015-2016
0%
1346 Michael Lumb DF 5 0 (3) 2011-2012
0%
1226 Michael Parensen DF 9 1 (0) 2019-2020
0%
1506 Michael Parkhurst DF 2 0 (0) 2012-2013
0%
1150 Mikael Forssell FW 12 0 (0) 2010-2011
0%
50 Mike Frantz MF, FW 204 11 (7) 2010-2014, 2016-2020
0%
1618 Mike-Steven Bähre MF 1 0 (0) 2015-2016
0%
1619 Milan Ivana MF, FW 1 0 (0) 2015-2016
0%
1151 Milan Petržela MF 12 0 (0) 2012-2013
0%
1004 Milorad Peković MF 18 0 (0) 2012-2013
0%
1508 Mirnes Pepić MF 2 0 (0) 2014-2015
0%
1288 Miro Varvodić GK 7 0 (0) 2010-2012
0%
967 Mohamed Dräger DF, MF, FW 20 1 (3) 2017-2018, 2019-2020
0%
1227 Moritz Volz DF 9 0 (0) 2010-2011
0%
1623 Mounir Bouziane MF, FW 1 0 (0) 2016-2017
0%
468 Moussa Niakhate DF 66 2 (3) 2018-2020
0%
1347 Muhammed Ildiz MF 5 0 (0) 2012-2013
0%
1388 Mu Kanazaki MF, FW 4 0 (0) 2012-2013
0%
1624 Nassim Ben Khalifa MF, FW 1 0 (0) 2010-2011
0%
1625 Nejmeddin Daghfous MF, FW 1 0 (0) 2012-2013
0%
1626 Niclas Thiede GK 1 0 (0) 2019-2020
0%
1628 Nicolai Lorenzoni DF, MF 1 0 (0) 2013-2014
0%
1629 Nicolás Castillo FW 1 0 (0) 2014-2015
0%
1434 Nicolas Plestan DF 3 0 (0) 2010-2011
0%
1627 Nico Rinderknecht MF 1 0 (0) 2015-2016
0%
741 Nikita Rukavytsya MF, FW 32 1 (2) 2011-2013
0%
764 Nikola Đurđić MF, FW 31 6 (2) 2012-2013, 2014-2015
0%
880 Noah Joel Sarenren Bazee MF, FW 25 1 (3) 2015-2016, 2017-2020
0%
1435 Noah Korczowski DF 3 0 (0) 2012-2013
0%
968 Odise Roshi MF 20 1 (1) 2011-2012
0%
1436 Odisseas Vlachodimos GK 3 0 (0) 2015-2016
0%
1634 Okan Aydın MF, FW 1 0 (0) 2012-2013
0%
1635 Ole Käuper MF 1 0 (0) 2017-2018
0%
1437 Oliver Hüsing DF 3 0 (0) 2014-2016
0%
1637 Onur Ayık MF, FW 1 0 (0) 2010-2011
0%
924 Onur Bulut DF, MF 22 0 (1) 2016-2018
0%
1153 Opoku Ampomah MF, FW 12 0 (0) 2019-2020
0%
969 Orel Mangala MF 20 0 (0) 2017-2018
0%
882 Orhan Ademi FW 25 1 (1) 2013-2014
0%
841 Oriol Romeu MF 27 0 (0) 2014-2015
0%
1438 Ouasim Bouy DF, MF 3 0 (0) 2013-2014
0%
1317 Ousman Manneh FW 6 1 (0) 2016-2017
0%
970 Özkan Yıldırım MF 20 0 (1) 2012-2016
0%
1638 Pablo Insua DF 1 0 (0) 2017-2018
0%
1639 Panagiotis Vlachodimos MF, FW 1 0 (0) 2013-2014
0%
1099 Papy Djilobodji DF 14 2 (1) 2015-2016
0%
1229 Park Jung-bin MF, FW 9 0 (0) 2012-2013
0%
1230 Patrick Banggaard DF 9 0 (0) 2016-2017
0%
991 Patrick Erras MF, FW 19 0 (1) 2018-2019
0%
1231 Patrick Funk DF, MF 9 1 (0) 2010-2011
0%
1640 Patrick Kammerbauer FW 1 0 (0) 2018-2019
0%
1257 Patrick Rakovsky GK 8 0 (0) 2011-2014
0%
1643 Patrick Schorr DF, MF 1 0 (0) 2012-2013
0%
844 Peer Kluge MF 27 1 (1) 2010-2011, 2013-2014
0%
1644 Petar Filipović DF, MF 1 0 (0) 2010-2011
0%
1077 Petar Slišković FW 15 2 (0) 2010-2015
0%
897 Petit MF 24 1 (1) 2010-2011
0%
1351 Philip Heise DF, MF 5 0 (1) 2015-2016
0%
1078 Philipp Hosiner FW 15 1 (0) 2015-2016
0%
1391 Philipp Pentke GK 4 0 (0) 2019-2020
0%
1028 Rasmus Jönsson MF, FW 17 0 (1) 2011-2013
0%
1392 Reinhold Yabo MF, FW 4 0 (0) 2010-2011
0%
1180 Ricardo Clark MF 11 0 (0) 2010-2011
0%
1511 Richard Strebinger GK 2 0 (0) 2014-2015
0%
1645 Rico Strieder MF 1 0 (0) 2014-2015
0%
1318 Robert Leipertz MF, FW 6 0 (0) 2016-2017
0%
1319 Robert Zillner MF 6 0 (1) 2012-2013
0%
1353 Robert Žulj MF, FW 5 0 (0) 2017-2018
0%
1444 Robin Yalçın DF, MF 3 0 (0) 2013-2014
0%
674 Romain Brégerie DF 39 3 (0) 2015-2017
0%
1181 Roman Bezjak FW 11 0 (0) 2016-2017
0%
1259 Ronaël Pierre-Gabriel DF 8 0 (1) 2019-2020
0%
1290 Ronny Garbuschewski MF 7 0 (1) 2012-2013
0%
1100 Ronny Philp DF 14 0 (1) 2012-2015
0%
803 Roy Beerens MF, FW 29 4 (1) 2014-2016
0%
1393 Rubin Okotie FW 4 0 (0) 2010-2011
0%
1320 Ryan Kent MF, FW 6 0 (0) 2017-2018
0%
1513 Ryu Seung-woo MF, FW 2 0 (0) 2013-2014
0%
1394 Said Husejinović MF 4 0 (1) 2010-2011
0%
1648 Salim Khelifi MF, FW 1 0 (0) 2013-2014
0%
1649 Samed Yeşil FW 1 0 (0) 2011-2012
0%
1354 Samúel Friðjónsson MF 5 0 (0) 2019-2020
0%
1650 Samuel Şahin-Radlinger GK 1 0 (0) 2018-2019
0%
590 Sebastian Kerk MF, FW 50 1 (1) 2012-2014, 2018-2019
0%
1125 Sebastian Schachten DF, MF 13 0 (0) 2010-2011
0%
1516 Sebastian Schindzielorz MF 2 0 (0) 2011-2012
0%
912 Sebastian Schonlau DF 23 2 (0) 2019-2020
0%
1652 Sebastian Tyrała MF 1 0 (0) 2012-2013
0%
787 Sébastien Pocognoli DF, MF 30 0 (1) 2012-2014
0%
709 Sercan Sararer MF, FW 35 1 (1) 2012-2015
0%
1154 Sergio Escudero DF, MF 12 0 (0) 2010-2012
0%
1126 Shani Tarashaj MF, FW 13 1 (0) 2016-2017
0%
1653 Shqipon Bektasi MF, FW 1 0 (0) 2010-2011
0%
1518 Simon Asta DF 2 0 (0) 2017-2019
0%
1396 Simon Pouplin GK 4 0 (0) 2010-2011
0%
1260 Simon Rhein MF 8 0 (0) 2018-2019
0%
1654 Sinan Tekerci MF 1 0 (0) 2013-2014
0%
610 Sofian Chahed DF, MF 47 0 (3) 2010-2013
0%
1519 Somen Tchoyi MF 2 0 (0) 2012-2013
0%
1520 Soufian Benyamina FW 2 0 (0) 2012-2013
0%
849 Stefan Kutschke FW 27 2 (1) 2013-2015
0%
1397 Stefanos Kapino GK 4 0 (0) 2014-2015, 2018-2020
0%
1655 Stefan Wannenwetsch MF 1 0 (0) 2015-2016
0%
950 Stelios Malezas DF 21 0 (0) 2012-2013
0%
1355 Stephan Salger DF, MF 5 0 (0) 2010-2011
0%
1657 Steven Zellner DF, FW 1 0 (0) 2011-2012
0%
1155 Stiven Rivić MF 12 2 (1) 2010-2011
0%
789 Taleb Tawatha DF, MF, FW 30 0 (1) 2016-2019
0%
1050 Taner Yalçın MF 16 1 (0) 2010-2011
0%
1448 Tayfun Pektürk MF, FW 3 0 (0) 2012-2013
0%
540 Thanos Petsos DF, MF 56 1 (0) 2010-2012, 2016-2017
0%
1659 Thomas Bertels DF, FW 1 0 (0) 2014-2015
0%
1398 Thomas Bröker MF, FW 4 0 (0) 2014-2015
0%
850 Thomas Kahlenberg MF 27 1 (0) 2010-2011, 2012-2013
0%
1157 Thomas Pledl MF, FW 12 0 (2) 2012-2013, 2019-2020
0%
1521 Tim Albutat MF 2 0 (0) 2012-2014
0%
1399 Tim Dierßen MF 4 0 (0) 2013-2014, 2015-2016, 2018-2019
0%
1660 Tim Lemperle MF, FW 1 0 (0) 2019-2020
0%
851 Tim Matavž FW 27 3 (1) 2014-2016
0%
503 Timo Gebhart MF 61 4 (4) 2010-2014
0%
1183 Timo Perthel DF, MF 11 0 (0) 2013-2014
0%
1662 Timothée Kolodziejczak DF 1 0 (0) 2016-2017
0%
1661 Tim Schraml DF, MF 1 0 (0) 2013-2014
0%
769 Tobias Kempe MF, FW 31 0 (3) 2015-2016
0%
1324 Tobias Mikkelsen MF, FW 6 0 (0) 2012-2013
0%
1522 Tobias Pachonik DF 2 0 (0) 2013-2014
0%
1663 Tobias Raschl MF 1 0 (0) 2019-2020
0%
1523 Todor Nedelev MF 2 0 (0) 2013-2014
0%
901 Tomáš Koubek GK 24 0 (0) 2019-2020
0%
1263 Tomoaki Makino DF 8 0 (0) 2010-2012
0%
994 Toni Šunjić DF 19 1 (0) 2015-2016
0%
1666 Torben Müsel MF, FW 1 0 (0) 2019-2020
0%
1401 Tuncay Şanlı MF, FW 4 0 (0) 2010-2011
0%
1130 Uffe Bech MF, FW 13 1 (1) 2015-2016, 2018-2019
0%
1525 Ümit Korkmaz MF 2 0 (0) 2010-2011
0%
1358 Vadim Demidov DF, MF 5 0 (0) 2012-2013
0%
1667 Vasileios Pliatsikas DF, MF 1 0 (0) 2010-2011
0%
1184 Vasilije Janjicic MF 11 0 (0) 2016-2018
0%
1051 Vegar Eggen Hedenstad DF, MF 16 0 (1) 2012-2013
0%
1527 Victor Obinna FW 2 0 (0) 2016-2017
0%
1158 Vincent Koziello MF 12 1 (0) 2017-2018
0%
1402 Vincent Sierro MF, FW 4 0 (0) 2017-2018
0%
914 Virgil Misidjan MF, FW 23 1 (1) 2018-2019
0%
1449 Wilfried Sanou MF, FW 3 0 (0) 2010-2011
0%
1450 Willi Evseev MF 3 0 (1) 2013-2014
0%
1052 Yanni Regäsel DF 16 0 (0) 2015-2016
0%
1293 Yohandry Orozco MF, FW 7 0 (1) 2011-2013
0%
1103 Yoric Ravet MF, FW 14 0 (2) 2017-2019
0%
1080 Younès Belhanda MF, FW 15 2 (1) 2015-2016
0%
829 Youssef Mohamad DF 28 2 (0) 2010-2011
0%
1453 Yūki Ōtsu MF, FW 3 0 (0) 2011-2012
0%
929 Yuya Kubo MF, FW 22 1 (0) 2018-2019
0%
1528 Zvonko Pamić MF 2 0 (0) 2010-2011
0%
No matching quizzes found
Score Distribution
Percent of People with Each Score
Percentile by Number Answered
Your Score History
You have not taken this quiz